{"text_format":"3","workbook":"xlsx","n_sheets":3,"sheets":["Section A - P&G's","Section C - Contingency","Section B - Building&Elec Works"],"not_rendered":{"external_links":1,"defined_names":85,"comments":1},"read":"whole","date_system":"1900"}

{"sheet":"Section A - P&G's","index":0,"n_rows":556,"n_cols":10,"rows_kept":556,"merged":[[4,0,4,8],[6,0,7,0],[6,1,7,1],[6,2,7,2],[6,3,7,3],[6,4,7,4],[6,5,6,6],[6,7,6,8],[6,9,6,10],[39,9,39,10],[41,9,41,10],[43,9,43,10],[57,9,57,10],[59,9,59,10],[61,9,61,10],[63,9,63,10],[65,9,65,10],[67,9,67,10],[69,9,69,10],[73,9,73,10],[75,9,75,10],[89,9,89,10],[91,9,91,10],[101,9,101,10],[103,9,103,10],[105,9,105,10],[107,9,107,10],[109,9,109,10],[111,9,111,10],[113,9,113,10],[115,9,115,10],[119,9,119,10],[121,9,121,10],[123,9,123,10],[125,9,125,10],[127,9,127,10],[129,9,129,10],[131,9,131,10],[133,9,133,10],[136,9,136,10],[138,9,138,10],[140,9,140,10],[142,9,142,10],[180,0,180,5],[364,0,364,5],[370,9,370,10],[376,9,376,10],[400,9,400,10],[408,9,408,10],[457,9,457,10],[490,9,490,10],[492,9,492,10],[494,9,494,10],[496,9,496,10],[498,9,498,10],[500,9,500,10],[502,9,502,10],[504,9,504,10],[506,9,506,10],[508,9,508,10],[555,0,555,4]]}
[{"$nulls":8},"GENERAL BUILDING & ELECTRICAL WORKS  MAINTENANCE IN GORT VARIOUS SITE"]
[{"$nulls":8},"BOQ"]
[{"$nulls":8},"COC, CSCs, SCs AND DALPARK"]
[]
["SECTION A - PRELIMINARIES AND GENERAL"]
[]
["ITEM No.","PAYMENT CLAUSE","DESCRIPTION","UNIT","QUANTITY","CONTRACT SUM",null,"TOTAL TO DATE",null,"COMMENTS"]
[{"$nulls":5}," RATE","AMOUNT            R            c","QUANTITY","AMOUNT         R            c"]
[null,null,"SECTION A"]
[null,null,"BILL NO. 1"]
[]
[null,null,"PRELIMINARIES AND GENERALS"]
[]
[null,null,"SUPPLIMENTARY PREAMBLES"]
[]
[null,null,"For Preambles, see \"Model Preambles for Trades (2008 Edition) and Supplementary Preambles as specified in the Trades."]
[]
[null,null,"Items supplied by the Company"]
[]
[null,null,"Where in the description of an item, the phrase \"Provided by the Company\" appears, shall mean that ETC will provide such service free of charge to the Service Provider. Nonetheless, the Service Provider can price such items to include items which he deems necessary following his/her site inspection."]
[]
[null,null,"The Company will provide the successful Service Provider with the following, free of charge to the Service Provider:"]
[null,null,"1. Office space"]
[null,null,"2. Temporary workshop"]
[null,null,"3. Storage facility"]
[null,null,"4. Office furniture"]
[null,null,"5. Office printer"]
[null,null,"6. Email domain set-up"]
[null,null,"7. Office landline (to be used for Project calls, any calls recorded to be off-project business to be recovered from the Service Provider)"]
[null,null,"8. Office Desktops and Laptops (Service provider to supply and install their own server)"]
[null,null,"9. Water, Electricity and ablution facilities"]
[null,null,"Notwithstanding any items listed in the bill items below, it is the Service Provider's responsibility to acquaint himself with the conditions of the sites and include any relevant items not listed in this Bill of Quantity as any additional claims will not be entertained, unless otherwise agreed."]
[null,null,"The Security item has been included in this Bill of Quantity for the purpose where the Service Provider has noticed the Company of any security threats on any of our sites and approved by the Company to deploy the security to be of a risk will it be certified for payment."]
[null,null,"Unless otherwise stated, the tenderer's rates to include profit and all overhead costs."]
[]
[null,null,"FIXED CHARGE ITEMS"]
[]
[null,null,"Contractual obligations"]
[]
["A1",null,"Surety Bond","Sum",1,null,{"$f":"$E40*F40","v":{"v":0,"d":"0.00"}},null,{"$f":"$F40*H40","v":{"v":0,"d":"0.00"}},"Agreed, not applicable"]
[]
["A2",null,"Retention","Sum",1,null,{"$f":"$E42*F42","v":{"v":0,"d":"0.00"}},null,{"$f":"$F42*H42","v":{"v":0,"d":"0.00"}},"Agreed, not applicable"]
[]
["A3",null,"Alternative Retention Bond in lieu of Retention","Sum",1,null,{"$f":"$E44*F44","v":{"v":0,"d":"0.00"}},null,{"$f":"$F44*H44","v":{"v":0,"d":"0.00"}},"Agreed, not applicable"]
[]
["A4",null,"Warranty","Sum",1,null,{"$f":"$E46*F46","v":{"v":0,"d":"0.00"}},null,{"$f":"$F46*H46","v":{"v":0,"d":"0.00"}},"Agreed, to be only under time related"]
[]
["A5",null,"Taxes, duties, permits","Sum",1,null,{"$f":"$E48*F48","v":{"v":0,"d":"0.00"}},null,{"$f":"$F48*H48","v":{"v":0,"d":"0.00"}},"Agreed, to be only under time related"]
[]
["A6",null,"Programming","Sum",1,null,{"$f":"$E50*F50","v":{"v":0,"d":"0.00"}},null,{"$f":"$F50*H50","v":{"v":0,"d":"0.00"}},"Agreed, not applicable"]
[]
["A7",null,"Other obligations (please list detail)","Sum",1,0,{"$f":"$E52*F52","v":{"v":0,"d":"0.00"}},null,{"$f":"$F52*H52","v":{"v":0,"d":"0.00"}},"N/A"]
[{"$nulls":5},0]
[null,null,"Establishment and di-establishment of facilities on site",null,null,0]
[{"$nulls":5},0]
[null,null,"Facilities for the Contractor",null,null,0]
[{"$nulls":5},0]
["A8",null,"Site Offices (provided by the Company)","Sum",1,{"v":5425,"d":"5,425.00"},{"$f":"$E58*F58","v":{"v":5425,"d":"5,425.00"}},null,{"$f":"$F58*H58","v":{"v":0,"d":"0.00"}},"ICT Infrastructure Set-up (preparatory work)"]
[{"$nulls":5},0]
["A9",null,"Workshop (space provided by the Company)","Sum",1,0,{"$f":"$E60*F60","v":{"v":0,"d":"0.00"}},null,{"$f":"$F60*H60","v":{"v":0,"d":"0.00"}},"Not applicable"]
[{"$nulls":5},0]
["A10",null,"Ablution facilities (Provided by the Company)","Sum",1,0,{"$f":"$E62*F62","v":{"v":0,"d":"0.00"}},null,{"$f":"$F62*H62","v":{"v":0,"d":"0.00"}},"Not applicable"]
[{"$nulls":5},0]
["A11",null,"Storage facilities (Provided by the Company)","Sum",1,0,{"$f":"$E64*F64","v":{"v":0,"d":"0.00"}},null,{"$f":"$F64*H64","v":{"v":0,"d":"0.00"}},"Not applicable"]
[{"$nulls":5},0]
["A12",null,"Water supply (Provided by the Company)","Sum",1,0,{"$f":"$E66*F66","v":{"v":0,"d":"0.00"}},null,{"$f":"$F66*H66","v":{"v":0,"d":"0.00"}},"Not applicable"]
[{"$nulls":5},0]
["A13",null,"Electrical supply (provided by the Company)","Sum",1,0,{"$f":"$E68*F68","v":{"v":0,"d":"0.00"}},null,{"$f":"$F68*H68","v":{"v":0,"d":"0.00"}},"Not applicable"]
[{"$nulls":5},0]
["A14",null,"Communications (Office Telephones, email domain, desk and laptops provided by the Company, excluding mobile devices)","Sum",1,0,{"$f":"$E70*F70","v":{"v":0,"d":"0.00"}},null,{"$f":"$F70*H70","v":{"v":0,"d":"0.00"}},"3 X Laptops, Software, & Configuration"]
[{"$nulls":5},0]
["A15",null,"Training of administration staff for Hardcat Software","Sum",1,0,{"$f":"$E72*F72","v":{"v":0,"d":"0.00"}},null,{"$f":"$F72*H72","v":{"v":0,"d":"0.00"}},"Not applicable"]
[{"$nulls":5},0]
["A16",null,"Dealing with traffic","Sum",1,0,{"$f":"$E74*F74","v":{"v":0,"d":"0.00"}},null,{"$f":"$F74*H74","v":{"v":0,"d":"0.00"}},"Agreed to be under time related,"]
[{"$nulls":5},0]
["A17",null,"Any other necessary contractors facilities (please specify)","Sum",1,0,{"$f":"$E76*F76","v":{"v":0,"d":"0.00"}},null,{"$f":"$F76*H76","v":{"v":0,"d":"0.00"}},"N/A"]
[{"$nulls":5},0]
[null,null,"Tools, plant and equipment",null,null,0]
[{"$nulls":5},0]
["A18",null,"Tools and equipment (including calibration costs)","Sum",1,0,{"$f":"$E80*F80","v":{"v":0,"d":"0.00"}},null,{"$f":"$F80*H80","v":{"v":0,"d":"0.00"}},"Agreed, and increased under time related"]
[{"$nulls":5},0]
["A19",null,"Scaffolding","Sum",1,0,{"$f":"$E82*F82","v":{"v":0,"d":"0.00"}},null,{"$f":"$F82*H82","v":{"v":0,"d":"0.00"}},"Agreed to be kept for transportation (12sites, quarterly)"]
[{"$nulls":5},0]
["A20",null,"Other (please list)","Sum",1,0,{"$f":"$E84*F84","v":{"v":0,"d":"0.00"}},null,{"$f":"$F84*H84","v":{"v":0,"d":"0.00"}},"N/A"]
[{"$nulls":5},0]
["A21",null,"Scaffolding","Sum",1,0,{"$f":"$E86*F86","v":{"v":0,"d":"0.00"}},null,{"$f":"$F86*H86","v":{"v":0,"d":"0.00"}},"Not applicable, duplicate"]
[{"$nulls":5},0]
["A22",null,"Other (please list)","Sum",1,0,{"$f":"$E88*F88","v":{"v":0,"d":"0.00"}},null,{"$f":"$F88*H88","v":{"v":0,"d":"0.00"}},"Not applicable, duplicate"]
[{"$nulls":5},0]
["A23",null,"Dealing with subsurface water","Sum",1,0,{"$f":"$E90*F90","v":{"v":0,"d":"0.00"}},null,{"$f":"$F90*H90","v":{"v":0,"d":"0.00"}},"Agreed to be kept, and will be paid when it happens. Med-Tech to relook"]
[{"$nulls":5},0]
["A24",null,"Hoists (telehandler, cherry-picker, scissor lifts, etc)","Sum",1,0,{"$f":"$E92*F92","v":{"v":0,"d":"0.00"}},null,{"$f":"$F92*H92","v":{"v":0,"d":"0.00"}},"N/A"]
[{"$nulls":5},0]
["A25",null,"Other fixed charges (please specify)","Sum",1,0,{"$f":"$E94*F94","v":{"v":0,"d":"0.00"}},null,{"$f":"$F94*H94","v":{"v":0,"d":"0.00"}},"N/A"]
[{"$nulls":5},0]
[null,null,"Workshop",null,null,0]
[{"$nulls":5},0]
["A26",null,"Other fixed charges (please specify)","Sum",1,0,{"$f":"$E98*F98","v":{"v":0,"d":"0.00"}},null,{"$f":"$F98*H98","v":{"v":0,"d":"0.00"}},"Agreed, not applicable"]
[{"$nulls":5},0]
[null,null,"Health and Safety",null,null,0]
[{"$nulls":5},0]
["A27",null,"General health and Safety obligations","Sum",1,0,{"$f":"$E102*F102","v":{"v":0,"d":"0.00"}},null,{"$f":"$F102*H102","v":{"v":0,"d":"0.00"}},"N/A"]
[{"$nulls":5},0]
["A28",null,"Risk assessments","Sum",1,0,{"$f":"$E104*F104","v":{"v":0,"d":"0.00"}},null,{"$f":"$F104*H104","v":{"v":0,"d":"0.00"}},"N/A"]
[{"$nulls":5},0]
["A29",null,"Health and safety files, plans and other","Sum",1,{"v":9765,"d":"9,765.00"},{"$f":"$E106*F106","v":{"v":9765,"d":"9,765.00"}},null,{"$f":"$F106*H106","v":{"v":0,"d":"0.00"}},"Compilation of Site Specific Safety File "]
[{"$nulls":5},0]
["A30",null,"Trainings, inductions, etc","Sum",1,{"v":15624,"d":"15,624.00"},{"$f":"$E108*F108","v":{"v":15624,"d":"15,624.00"}},null,{"$f":"$F108*H108","v":{"v":0,"d":"0.00"}},"H&S Training (i.e. Risk Assessment, Working at Heights, Fire Fighter, First Aider)"]
[{"$nulls":5},0]
["A31",null,"Medical assessment of employees","Sum",1,{"v":31248,"d":"31,248.00"},{"$f":"$E110*F110","v":{"v":31248,"d":"31,248.00"}},null,{"$f":"$F110*H110","v":{"v":0,"d":"0.00"}},"Medical Assessments for entire staff"]
[{"$nulls":5},0]
["A32",null,"Personnel Protective Equipment (PPE)","Sum",1,{"v":31248,"d":"31,248.00"},{"$f":"$E112*F112","v":{"v":31248,"d":"31,248.00"}},null,{"$f":"$F112*H112","v":{"v":0,"d":"0.00"}},"Corporate Uniform"]
[{"$nulls":5},0]
["A33",null,"Dealing with demarcations and barricading","Sum",1,0,{"$f":"$E114*F114","v":{"v":0,"d":"0.00"}},null,{"$f":"$F114*H114","v":{"v":0,"d":"0.00"}},"N/A"]
[{"$nulls":5},0]
["A34",null,"All other costs to comply with requirements of OHS Act and Health and Safety specification","Sum",1,{"v":4340,"d":"4,340.00"},{"$f":"$E116*F116","v":{"v":4340,"d":"4,340.00"}},null,{"$f":"$F116*H116","v":{"v":0,"d":"0.00"}},"Dealing with unforeseen safety issues"]
[{"$nulls":5},0]
[null,null,"Transport and Traveling (list full details)",null,null,0]
[{"$nulls":5},0]
["A35",null,"Buckie's","Sum",1,0,{"$f":"$E120*F120","v":{"v":0,"d":"0.00"}},null,{"$f":"$F120*H120","v":{"v":0,"d":"0.00"}},"N/A"]
[{"$nulls":5},0]
["A36",null,"1 ton LDV","Sum",1,0,{"$f":"$E122*F122","v":{"v":0,"d":"0.00"}},null,{"$f":"$F122*H122","v":{"v":0,"d":"0.00"}},"N/A"]
[{"$nulls":5},0]
["A37",null,"5 ton Truck","Sum",1,0,{"$f":"$E124*F124","v":{"v":0,"d":"0.00"}},null,{"$f":"$F124*H124","v":{"v":0,"d":"0.00"}},"N/A"]
[{"$nulls":5},0]
["A38",null,"7 ton Truck","Sum",1,0,{"$f":"$E126*F126","v":{"v":0,"d":"0.00"}},null,{"$f":"$F126*H126","v":{"v":0,"d":"0.00"}},"N/A"]
[{"$nulls":5},0]
["A39",null,"Tractor & Trailer","Sum",1,0,{"$f":"$E128*F128","v":{"v":0,"d":"0.00"}},null,{"$f":"$F128*H128","v":{"v":0,"d":"0.00"}},"N/A"]
[{"$nulls":5},0]
["A40",null,"Microbus","Sum",1,0,{"$f":"$E130*F130","v":{"v":0,"d":"0.00"}},null,{"$f":"$F130*H130","v":{"v":0,"d":"0.00"}},"N/A"]
[{"$nulls":5},0]
["A41",null,"Bus","Sum",1,0,{"$f":"$E132*F132","v":{"v":0,"d":"0.00"}},null,{"$f":"$F132*H132","v":{"v":0,"d":"0.00"}},"N/A"]
[{"$nulls":5},0]
["A42",null,"Other (please list)","Sum",1,0,{"$f":"$E134*F134","v":{"v":0,"d":"0.00"}},null,{"$f":"$F134*H134","v":{"v":0,"d":"0.00"}},"N/A"]
[{"$nulls":5},0]
[null,null,"Other Fixed Charge Items",null,null,0]
["A43",null,"Other (please list)","Sum",1,0,{"$f":"$E137*F137","v":{"v":0,"d":"0.00"}},null,{"$f":"$F137*H137","v":{"v":0,"d":"0.00"}},"N/A"]
[{"$nulls":5},0]
["A44",null,"Other (please list)","Sum",1,0,{"$f":"$E139*F139","v":{"v":0,"d":"0.00"}},null,{"$f":"$F139*H139","v":{"v":0,"d":"0.00"}},"N/A"]
[{"$nulls":5},0]
["A45",null,"Other (please list)","Sum",1,0,{"$f":"$E141*F141","v":{"v":0,"d":"0.00"}},null,{"$f":"$F141*H141","v":{"v":0,"d":"0.00"}},"N/A"]
[{"$nulls":5},0]
["A46",null,"Other (please list)","Sum",1,0,{"$f":"$E143*F143","v":{"v":0,"d":"0.00"}},null,{"$f":"$F143*H143","v":{"v":0,"d":"0.00"}},"N/A"]
[{"$nulls":5},0]
[{"$nulls":5},0]
[{"$nulls":5},0]
[{"$nulls":5},0]
[{"$nulls":5},0]
[{"$nulls":5},0]
[{"$nulls":5},0]
[{"$nulls":5},0]
[{"$nulls":5},0]
[{"$nulls":5},0]
[{"$nulls":5},0]
[{"$nulls":5},0]
[{"$nulls":5},0]
[{"$nulls":5},0]
[{"$nulls":5},0]
[{"$nulls":5},0]
[{"$nulls":5},0]
[{"$nulls":5},0]
[{"$nulls":5},0]
[{"$nulls":5},0]
[{"$nulls":5},0]
[{"$nulls":5},0]
[{"$nulls":5},0]
[{"$nulls":5},0]
[{"$nulls":5},0]
[{"$nulls":5},0]
[{"$nulls":5},0]
[{"$nulls":5},0]
[{"$nulls":5},0]
[{"$nulls":5},0]
[{"$nulls":5},0]
[{"$nulls":5},0]
[{"$nulls":5},0]
[{"$nulls":5},0]
[{"$nulls":5},0]
[{"$nulls":5},0]
[{"$nulls":5},0]
["TOTAL FOR FIXED P&G's",{"$nulls":5},{"$f":"SUM(G37:G180)","v":{"v":97650,"d":"97,650.00"}},null,{"$f":"SUM(I37:I180)","v":{"v":0,"d":"0.00"}}]
[{"$nulls":5},0]
[null,null,"VALUE-RELATED CHARGE ITEMS",null,null,0]
[{"$nulls":5},0]
[null,null,"Contractual obligations",null,null,0]
[{"$nulls":5},0]
["A47",null,"Surety Bond","Sum",1,0,{"$f":"$E187*F187","v":{"v":0,"d":"0.00"}},null,{"$f":"$F187*H187","v":{"v":0,"d":"0.00"}}]
[{"$nulls":5},0]
["A48",null,"Retention","Sum",1,0,{"$f":"$E189*F189","v":{"v":0,"d":"0.00"}},null,{"$f":"$F189*H189","v":{"v":0,"d":"0.00"}}]
[{"$nulls":5},0]
["A49",null,"Alternative Retention Bond in lieu of Retention","Sum",1,0,{"$f":"$E191*F191","v":{"v":0,"d":"0.00"}},null,{"$f":"$F191*H191","v":{"v":0,"d":"0.00"}}]
[{"$nulls":5},0]
["A50",null,"Warranty","Sum",1,0,{"$f":"$E193*F193","v":{"v":0,"d":"0.00"}},null,{"$f":"$F193*H193","v":{"v":0,"d":"0.00"}}]
[{"$nulls":5},0]
["A51",null,"Taxes, duties, permits","Sum",1,0,{"$f":"$E195*F195","v":{"v":0,"d":"0.00"}},null,{"$f":"$F195*H195","v":{"v":0,"d":"0.00"}}]
[{"$nulls":5},0]
["A52",null,"Programming","Sum",1,0,{"$f":"$E197*F197","v":{"v":0,"d":"0.00"}},null,{"$f":"$F197*H197","v":{"v":0,"d":"0.00"}}]
[{"$nulls":5},0]
["A53",null,"Other obligations (please list detail)","Sum",1,0,{"$f":"$E199*F199","v":{"v":0,"d":"0.00"}},null,{"$f":"$F199*H199","v":{"v":0,"d":"0.00"}}]
[{"$nulls":5},0]
[null,null,"Establishment of facilities on site",null,null,0]
[{"$nulls":5},0]
[null,null,"Facilities for the Contractor",null,null,0]
[{"$nulls":5},0]
["A54",null,"Site Offices (provided by the Company)","Sum",1,0,{"$f":"$E205*F205","v":{"v":0,"d":"0.00"}},null,{"$f":"$F205*H205","v":{"v":0,"d":"0.00"}}]
[{"$nulls":5},0]
["A55",null,"Workshop (space provided by the Company)","Sum",1,0,{"$f":"$E207*F207","v":{"v":0,"d":"0.00"}},null,{"$f":"$F207*H207","v":{"v":0,"d":"0.00"}}]
[{"$nulls":5},0]
["A56",null,"Ablution facilities (Provided by the Company)","Sum",1,0,{"$f":"$E209*F209","v":{"v":0,"d":"0.00"}},null,{"$f":"$F209*H209","v":{"v":0,"d":"0.00"}}]
[{"$nulls":5},0]
["A57",null,"Storage facilities (Provided by the Company)","Sum",1,0,{"$f":"$E211*F211","v":{"v":0,"d":"0.00"}},null,{"$f":"$F211*H211","v":{"v":0,"d":"0.00"}}]
[{"$nulls":5},0]
["A58",null,"Water supply (Provided by the Company)","Sum",1,0,{"$f":"$E213*F213","v":{"v":0,"d":"0.00"}},null,{"$f":"$F213*H213","v":{"v":0,"d":"0.00"}}]
[{"$nulls":5},0]
["A59",null,"Electrical supply (provided by the Company)","Sum",1,0,{"$f":"$E215*F215","v":{"v":0,"d":"0.00"}},null,{"$f":"$F215*H215","v":{"v":0,"d":"0.00"}}]
[{"$nulls":5},0]
["A60",null,"Communications (Office Telephones, email domain, desk and laptops provided by the Company, excluding mobile devices)","Sum",1,0,{"$f":"$E217*F217","v":{"v":0,"d":"0.00"}},null,{"$f":"$F217*H217","v":{"v":0,"d":"0.00"}}]
[{"$nulls":5},0]
["A61",null,"Setting out of the works","Sum",1,0,{"$f":"$E219*F219","v":{"v":0,"d":"0.00"}},null,{"$f":"$F219*H219","v":{"v":0,"d":"0.00"}}]
[{"$nulls":5},0]
["A62",null,"Dealing with traffic","Sum",1,0,{"$f":"$E221*F221","v":{"v":0,"d":"0.00"}},null,{"$f":"$F221*H221","v":{"v":0,"d":"0.00"}}]
[{"$nulls":5},0]
["A63",null,"Any other necessary contractors facilities (please specify)","Sum",1,0,{"$f":"$E223*F223","v":{"v":0,"d":"0.00"}},null,{"$f":"$F223*H223","v":{"v":0,"d":"0.00"}}]
[{"$nulls":5},0]
[null,null,"Tools, plant and equipment",null,null,0]
[{"$nulls":5},0]
["A64",null,"Tools and equipment (including calibration costs)","Sum",1,0,{"$f":"$E227*F227","v":{"v":0,"d":"0.00"}},null,{"$f":"$F227*H227","v":{"v":0,"d":"0.00"}}]
[{"$nulls":5},0]
["A65",null,"Scaffolding","Sum",1,0,{"$f":"$E229*F229","v":{"v":0,"d":"0.00"}},null,{"$f":"$F229*H229","v":{"v":0,"d":"0.00"}}]
[{"$nulls":5},0]
["A66",null,"Other (please list)","Sum",1,0,{"$f":"$E231*F231","v":{"v":0,"d":"0.00"}},null,{"$f":"$F231*H231","v":{"v":0,"d":"0.00"}}]
[{"$nulls":5},0]
["A67",null,"Scaffolding","Sum",1,0,{"$f":"$E233*F233","v":{"v":0,"d":"0.00"}},null,{"$f":"$F233*H233","v":{"v":0,"d":"0.00"}}]
[{"$nulls":5},0]
["A68",null,"Other (please list)","Sum",1,0,{"$f":"$E235*F235","v":{"v":0,"d":"0.00"}},null,{"$f":"$F235*H235","v":{"v":0,"d":"0.00"}}]
[{"$nulls":5},0]
["A69",null,"Dealing with subsurface water","Sum",1,0,{"$f":"$E237*F237","v":{"v":0,"d":"0.00"}},null,{"$f":"$F237*H237","v":{"v":0,"d":"0.00"}}]
[{"$nulls":5},0]
["A70",null,"Hoists (telehandler, cherry-picker, scissor lifts, etc)","Sum",1,0,{"$f":"$E239*F239","v":{"v":0,"d":"0.00"}},null,{"$f":"$F239*H239","v":{"v":0,"d":"0.00"}}]
[{"$nulls":5},0]
["A71",null,"Other value-related item Charges (please specify)","Sum",1,0,{"$f":"$E241*F241","v":{"v":0,"d":"0.00"}},null,{"$f":"$F241*H241","v":{"v":0,"d":"0.00"}}]
[{"$nulls":5},0]
[null,null,"Workshop",null,null,0]
[{"$nulls":5},0]
["A72",null,"Other value-related item Charges (please specify)","Sum",1,0,{"$f":"$E245*F245","v":{"v":0,"d":"0.00"}},null,{"$f":"$F245*H245","v":{"v":0,"d":"0.00"}}]
[{"$nulls":5},0]
[null,null,"Health and Safety",null,null,0]
[{"$nulls":5},0]
["A73",null,"General health and Safety obligations","Sum",1,0,{"$f":"$E249*F249","v":{"v":0,"d":"0.00"}},null,{"$f":"$F249*H249","v":{"v":0,"d":"0.00"}}]
[{"$nulls":5},0]
["A74",null,"Risk assessments","Sum",1,0,{"$f":"$E251*F251","v":{"v":0,"d":"0.00"}},null,{"$f":"$F251*H251","v":{"v":0,"d":"0.00"}}]
[{"$nulls":5},0]
["A75",null,"Health and safety files, plans and other","Sum",1,0,{"$f":"$E253*F253","v":{"v":0,"d":"0.00"}},null,{"$f":"$F253*H253","v":{"v":0,"d":"0.00"}}]
[{"$nulls":5},0]
["A76",null,"Trainings, inductions, etc","Sum",1,0,{"$f":"$E255*F255","v":{"v":0,"d":"0.00"}},null,{"$f":"$F255*H255","v":{"v":0,"d":"0.00"}}]
[{"$nulls":5},0]
["A77",null,"Medical assessment of employees","Sum",1,0,{"$f":"$E257*F257","v":{"v":0,"d":"0.00"}},null,{"$f":"$F257*H257","v":{"v":0,"d":"0.00"}}]
[{"$nulls":5},0]
["A78",null,"Personnel Protective Equipment (PPE)","Sum",1,0,{"$f":"$E259*F259","v":{"v":0,"d":"0.00"}},null,{"$f":"$F259*H259","v":{"v":0,"d":"0.00"}}]
[{"$nulls":5},0]
["A79",null,"Dealing with demarcations and barricading","Sum",1,0,{"$f":"$E261*F261","v":{"v":0,"d":"0.00"}},null,{"$f":"$F261*H261","v":{"v":0,"d":"0.00"}}]
[{"$nulls":5},0]
["A80",null,"All other costs to comply with requirements of OHS Act and Health and Safety specification","Sum",1,0,{"$f":"$E263*F263","v":{"v":0,"d":"0.00"}},null,{"$f":"$F263*H263","v":{"v":0,"d":"0.00"}}]
[null,null,"Transport and Traveling (list full details)",null,null,0]
[{"$nulls":5},0]
["A81",null,"Buckie's","Sum",1,0,{"$f":"$E266*F266","v":{"v":0,"d":"0.00"}},null,{"$f":"$F266*H266","v":{"v":0,"d":"0.00"}}]
[{"$nulls":5},0]
["A82",null,"1 ton LDV","Sum",1,0,{"$f":"$E268*F268","v":{"v":0,"d":"0.00"}},null,{"$f":"$F268*H268","v":{"v":0,"d":"0.00"}}]
[{"$nulls":5},0]
["A83",null,"5 ton Truck","Sum",1,0,{"$f":"$E270*F270","v":{"v":0,"d":"0.00"}},null,{"$f":"$F270*H270","v":{"v":0,"d":"0.00"}}]
[{"$nulls":5},0]
["A84",null,"7 ton Truck","Sum",1,0,{"$f":"$E272*F272","v":{"v":0,"d":"0.00"}},null,{"$f":"$F272*H272","v":{"v":0,"d":"0.00"}}]
[{"$nulls":5},0]
["A85",null,"Tractor & Trailer","Sum",1,0,{"$f":"$E274*F274","v":{"v":0,"d":"0.00"}},null,{"$f":"$F274*H274","v":{"v":0,"d":"0.00"}}]
[{"$nulls":5},0]
["A86",null,"Microbus","Sum",1,0,{"$f":"$E276*F276","v":{"v":0,"d":"0.00"}},null,{"$f":"$F276*H276","v":{"v":0,"d":"0.00"}}]
[{"$nulls":5},0]
["A84",null,"Bus","Sum",1,0,{"$f":"$E278*F278","v":{"v":0,"d":"0.00"}},null,{"$f":"$F278*H278","v":{"v":0,"d":"0.00"}}]
[{"$nulls":5},0]
["A88",null,"Other (please list)","Sum",1,0,{"$f":"$E280*F280","v":{"v":0,"d":"0.00"}},null,{"$f":"$F280*H280","v":{"v":0,"d":"0.00"}}]
[{"$nulls":5},0]
[null,null,"Other value related charges",null,null,0]
["A90",null,"Other (please list)","Sum",1,0,{"$f":"$E283*F283","v":{"v":0,"d":"0.00"}},null,{"$f":"$F283*H283","v":{"v":0,"d":"0.00"}}]
[{"$nulls":5},0]
["A91",null,"Other (please list)","Sum",1,0,{"$f":"$E285*F285","v":{"v":0,"d":"0.00"}},null,{"$f":"$F285*H285","v":{"v":0,"d":"0.00"}}]
[{"$nulls":5},0]
[{"$nulls":5},0]
[{"$nulls":5},0]
[{"$nulls":5},0]
[{"$nulls":5},0]
[{"$nulls":5},0]
[{"$nulls":5},0]
[{"$nulls":5},0]
[{"$nulls":5},0]
[{"$nulls":5},0]
[{"$nulls":5},0]
[{"$nulls":5},0]
[{"$nulls":5},0]
[{"$nulls":5},0]
[{"$nulls":5},0]
[{"$nulls":5},0]
[{"$nulls":5},0]
[{"$nulls":5},0]
[{"$nulls":5},0]
[{"$nulls":5},0]
[{"$nulls":5},0]
[{"$nulls":5},0]
[{"$nulls":5},0]
[{"$nulls":5},0]
[{"$nulls":5},0]
[{"$nulls":5},0]
[{"$nulls":5},0]
[{"$nulls":5},0]
[{"$nulls":5},0]
[{"$nulls":5},0]
[{"$nulls":5},0]
[{"$nulls":5},0]
[{"$nulls":5},0]
[{"$nulls":5},0]
[{"$nulls":5},0]
[{"$nulls":5},0]
[{"$nulls":5},0]
[{"$nulls":5},0]
[{"$nulls":5},0]
[{"$nulls":5},0]
[{"$nulls":5},0]
[{"$nulls":5},0]
[{"$nulls":5},0]
[{"$nulls":5},0]
[{"$nulls":5},0]
[{"$nulls":5},0]
[{"$nulls":5},0]
[{"$nulls":5},0]
[{"$nulls":5},0]
[{"$nulls":5},0]
[{"$nulls":5},0]
[{"$nulls":5},0]
[{"$nulls":5},0]
[{"$nulls":5},0]
[{"$nulls":5},0]
[{"$nulls":5},0]
[{"$nulls":5},0]
[{"$nulls":5},0]
[{"$nulls":5},0]
[{"$nulls":5},0]
[{"$nulls":5},0]
[{"$nulls":5},0]
[{"$nulls":5},0]
[{"$nulls":5},0]
[{"$nulls":5},0]
[{"$nulls":5},0]
[{"$nulls":5},0]
[{"$nulls":5},0]
[{"$nulls":5},0]
[{"$nulls":5},0]
[{"$nulls":5},0]
[{"$nulls":5},0]
[{"$nulls":5},0]
[{"$nulls":5},0]
[{"$nulls":5},0]
[{"$nulls":5},0]
[{"$nulls":5},0]
[{"$nulls":5},0]
[{"$nulls":5},0]
["TOTAL FOR VALUE RELATED P&G'S",{"$nulls":5},{"$f":"SUM(G182:G364)","v":{"v":0,"d":"0.00"}},null,{"$f":"SUM(I182:I364)","v":{"v":0,"d":"0.00"}}]
[{"$nulls":5},0]
[null,null,"TIME RELATED CHARGE ITEMS",null,null,0]
[{"$nulls":5},0]
[null,null,"Contractual obligations",null,null,0]
[{"$nulls":5},0]
["A92",null,"Surety Bond","Months",12,0,{"$f":"$E371*F371","v":{"v":0,"d":"0.00"}},null,{"$f":"$F371*H371","v":{"v":0,"d":"0.00"}}]
[{"$nulls":5},0]
["A93",null,"Retention","Months",12,0,{"$f":"$E373*F373","v":{"v":0,"d":"0.00"}},null,{"$f":"$F373*H373","v":{"v":0,"d":"0.00"}}]
[{"$nulls":5},0]
["A94",null,"Alternative Retention Bond in lieu of Retention","Months",12,0,{"$f":"$E375*F375","v":{"v":0,"d":"0.00"}},null,{"$f":"$F375*H375","v":{"v":0,"d":"0.00"}}]
[{"$nulls":5},0]
["A95",null,"Warranty","Months",12,{"v":10416,"d":"10,416.00"},{"$f":"$E377*F377","v":{"v":124992,"d":"124,992.00"}},null,{"$f":"$F377*H377","v":{"v":0,"d":"0.00"}},"Painting, COC, Waterproofing, etc."]
[{"$nulls":5},0]
["A96",null,"Taxes, duties, permits","Months",12,0,{"$f":"$E379*F379","v":{"v":0,"d":"0.00"}},null,{"$f":"$F379*H379","v":{"v":0,"d":"0.00"}}]
[{"$nulls":5},0]
["A97",null,"Programming","Months",12,0,{"$f":"$E381*F381","v":{"v":0,"d":"0.00"}},null,{"$f":"$F381*H381","v":{"v":0,"d":"0.00"}}]
[{"$nulls":5},0]
["A98",null,"Other obligations (please list detail)","Months",12,0,{"$f":"$E383*F383","v":{"v":0,"d":"0.00"}},null,{"$f":"$F383*H383","v":{"v":0,"d":"0.00"}},"N/A"]
[{"$nulls":5},0]
[null,null,"Establishment of facilities on site",null,null,0]
[{"$nulls":5},0]
[null,null,"Facilities for the Contractor",null,null,0]
[{"$nulls":5},0]
["A99",null,"Site Offices (provided by the Company)","Months",12,0,{"$f":"$E389*F389","v":{"v":0,"d":"0.00"}},null,{"$f":"$F389*H389","v":{"v":0,"d":"0.00"}}]
[{"$nulls":5},0]
["A100",null,"Workshop (space provided by the Company)","Months",12,0,{"$f":"$E391*F391","v":{"v":0,"d":"0.00"}},null,{"$f":"$F391*H391","v":{"v":0,"d":"0.00"}}]
[{"$nulls":5},0]
["A101",null,"Ablution facilities (Provided by the Company)","Months",12,0,{"$f":"$E393*F393","v":{"v":0,"d":"0.00"}},null,{"$f":"$F393*H393","v":{"v":0,"d":"0.00"}}]
[{"$nulls":5},0]
["A102",null,"Storage facilities (Provided by the Company)","Months",12,0,{"$f":"$E395*F395","v":{"v":0,"d":"0.00"}},null,{"$f":"$F395*H395","v":{"v":0,"d":"0.00"}}]
[{"$nulls":5},0]
["A103",null,"Water supply (Provided by the Company)","Months",12,0,{"$f":"$E397*F397","v":{"v":0,"d":"0.00"}},null,{"$f":"$F397*H397","v":{"v":0,"d":"0.00"}}]
[{"$nulls":5},0]
["A104",null,"Electrical supply (provided by the Company)","Months",12,0,{"$f":"$E399*F399","v":{"v":0,"d":"0.00"}},null,{"$f":"$F399*H399","v":{"v":0,"d":"0.00"}}]
[{"$nulls":5},0]
["A105",null,"Communications (Office Telephones, email domain, desk and laptops provided by the Company, excluding mobile devices)","Months",12,{"v":11718,"d":"11,718.00"},{"$f":"$E401*F401","v":{"v":140616,"d":"140,616.00"}},null,{"$f":"$F401*H401","v":{"v":0,"d":"0.00"}},"Cell phones & Modem"]
[{"$nulls":5},0]
["New",null,"Communications ( Airtime & Data)","Months",12,{"v":11179.840000000002,"d":"11,179.84"},{"$f":"F403*E403","v":{"v":134158.08000000002,"d":"134,158.08"}},null,{"v":0,"d":"0.00"}]
[{"$nulls":5},0]
["A106",null,"Setting out of the works","Months",12,0,{"$f":"$E405*F405","v":{"v":0,"d":"0.00"}},null,{"$f":"$F405*H405","v":{"v":0,"d":"0.00"}},"N/A"]
[{"$nulls":5},0]
["A107",null,"Dealing with traffic","Months",12,0,{"$f":"$E407*F407","v":{"v":0,"d":"0.00"}},null,{"$f":"$F407*H407","v":{"v":0,"d":"0.00"}},"N/A"]
[{"$nulls":5},0]
["A108",null,"Any other necessary contractors facilities (please specify)","Months",12,0,{"$f":"$E409*F409","v":{"v":0,"d":"0.00"}},null,{"$f":"$F409*H409","v":{"v":0,"d":"0.00"}},"N/A"]
[{"$nulls":5},0]
[null,null,"Tools, plant and equipment",null,null,0]
[{"$nulls":5},0]
["A109",null,"Tools and equipment (including calibration costs)","Months",12,{"v":7595,"d":"7,595.00"},{"$f":"$E413*F413","v":{"v":91140,"d":"91,140.00"}},null,{"$f":"$F413*H413","v":{"v":0,"d":"0.00"}},"Tools & Consumables"]
[{"$nulls":5},0]
["A110",null,"Scaffolding","Months",12,0,{"$f":"$E415*F415","v":{"v":0,"d":"0.00"}},null,{"$f":"$F415*H415","v":{"v":0,"d":"0.00"}},"Equipment Hire & Erection at 12 x Sites"]
[{"$nulls":5},0]
["A111",null,"Other (please list)","Months",12,0,{"$f":"$E417*F417","v":{"v":0,"d":"0.00"}},null,{"$f":"$F417*H417","v":{"v":0,"d":"0.00"}},"N/A"]
[{"$nulls":5},0]
["A112",null,"Scaffolding","Months",12,0,{"$f":"$E419*F419","v":{"v":0,"d":"0.00"}},null,{"$f":"$F419*H419","v":{"v":0,"d":"0.00"}}]
[{"$nulls":5},0]
["A113",null,"Other (please list)","Months",12,0,{"$f":"$E421*F421","v":{"v":0,"d":"0.00"}},null,{"$f":"$F421*H421","v":{"v":0,"d":"0.00"}}]
[{"$nulls":5},0]
["A114",null,"Dealing with subsurface water","Months",12,0,{"$f":"$E423*F423","v":{"v":0,"d":"0.00"}},null,{"$f":"$F423*H423","v":{"v":0,"d":"0.00"}}]
[{"$nulls":5},0]
["A115",null,"Hoists (telehandler, cherry-picker, scissor lifts, etc)","Months",12,0,{"$f":"$E425*F425","v":{"v":0,"d":"0.00"}},null,{"$f":"$F425*H425","v":{"v":0,"d":"0.00"}},"Equipment Hire, Crane Truck & Cherry-Picker"]
[{"$nulls":5},0]
["A116",null,"Other time-related item Charges (please specify)","Months",12,0,{"$f":"$E427*F427","v":{"v":0,"d":"0.00"}},null,{"$f":"$F427*H427","v":{"v":0,"d":"0.00"}},"N/A"]
[{"$nulls":5},0]
["New",null,"Cherry Picker 170SD 17Meter","Days",12,{"v":1822.8,"d":"1,822.80"},null,null,{"$f":"F429*H429","v":{"v":0,"d":"0.00"}}]
[{"$nulls":5},0]
["New",null,"Cherry Picker 2500EB02 25Meter","Days",12,{"v":3645.6,"d":"3,645.60"},null,null,{"$f":"F431*H431","v":{"v":0,"d":"0.00"}}]
[{"$nulls":5},0]
[{"$nulls":5},0]
[null,null,"Workshop",null,null,0]
[{"$nulls":5},0]
["A117",null,"Other time-related item Charges (please specify)","Months",12,0,{"$f":"$E436*F436","v":{"v":0,"d":"0.00"}},null,{"$f":"$F436*H436","v":{"v":0,"d":"0.00"}},"N/A"]
[]
[{"$nulls":5},0]
[null,null,"Health and Safety",null,null,0]
[{"$nulls":5},0]
["A118",null,"General health and Safety obligations","Months",12,{"v":1627.5,"d":"1,627.50"},{"$f":"$E441*F441","v":{"v":19530,"d":"19,530.00"}},null,{"$f":"$F441*H441","v":{"v":0,"d":"0.00"}}]
[{"$nulls":5},0]
["A119",null,"Risk assessments","Months",12,0,{"$f":"$E443*F443","v":{"v":0,"d":"0.00"}},null,{"$f":"$F443*H443","v":{"v":0,"d":"0.00"}}]
[{"$nulls":5},0]
["A120",null,"Health and safety files, plans and other","Months",12,0,{"$f":"$E445*F445","v":{"v":0,"d":"0.00"}},null,{"$f":"$F445*H445","v":{"v":0,"d":"0.00"}}]
[{"$nulls":5},0]
["A121",null,"Trainings, inductions, etc","Months",12,0,{"$f":"$E447*F447","v":{"v":0,"d":"0.00"}},null,{"$f":"$F447*H447","v":{"v":0,"d":"0.00"}}]
[{"$nulls":5},0]
["A122",null,"Medical assessment of employees","Months",12,{"v":1953,"d":"1,953.00"},{"$f":"$E449*F449","v":{"v":23436,"d":"23,436.00"}},null,{"$f":"$F449*H449","v":{"v":0,"d":"0.00"}},"Provision for Labour Turn-Over"]
[{"$nulls":5},0]
["A123",null,"Personnel Protective Equipment (PPE)","Months",12,0,{"$f":"$E451*F451","v":{"v":0,"d":"0.00"}},null,{"$f":"$F451*H451","v":{"v":0,"d":"0.00"}}]
[{"$nulls":5},0]
["A124",null,"Dealing with demarcations and barricading","Months",12,0,{"$f":"$E453*F453","v":{"v":0,"d":"0.00"}},null,{"$f":"$F453*H453","v":{"v":0,"d":"0.00"}}]
[{"$nulls":5},0]
["A125",null,"All other costs to comply with requirements of OHS Act and Health and Safety specification","Months",12,0,{"$f":"$E455*F455","v":{"v":0,"d":"0.00"}},null,{"$f":"$F455*H455","v":{"v":0,"d":"0.00"}},"N/A"]
[null,null,"Transport and Traveling (list full details)",null,null,0]
[{"$nulls":5},0]
["A126",null,"Bakkie's","Months",12,{"v":82567.632,"d":"82,567.63"},{"$f":"$E458*F458","v":{"v":990811.584,"d":"990,811.58"}},null,{"$f":"$F458*H458","v":{"v":0,"d":"0.00"}},"4 bakkies"]
[{"$nulls":5},0]
["A127",null,"1 ton LDV","Months",12,0,{"$f":"$E460*F460","v":{"v":0,"d":"0.00"}},null,{"$f":"$F460*H460","v":{"v":0,"d":"0.00"}}]
[{"$nulls":5},0]
["A128",null,"5 ton Truck","Months",12,0,{"$f":"$E462*F462","v":{"v":0,"d":"0.00"}},null,{"$f":"$F462*H462","v":{"v":0,"d":"0.00"}}]
[{"$nulls":5},0]
["A129",null,"7 ton Truck","Months",12,0,{"$f":"$E464*F464","v":{"v":0,"d":"0.00"}},null,{"$f":"$F464*H464","v":{"v":0,"d":"0.00"}},"N/A - Provided for under hoists"]
[{"$nulls":5},0]
["A130",null,"Tractor & Trailer","Months",12,0,{"$f":"$E466*F466","v":{"v":0,"d":"0.00"}},null,{"$f":"$F466*H466","v":{"v":0,"d":"0.00"}},"N/A"]
[{"$nulls":5},0]
["A131",null,"Microbus","Months",12,0,{"$f":"$E468*F468","v":{"v":0,"d":"0.00"}},null,{"$f":"$F468*H468","v":{"v":0,"d":"0.00"}},"N/A"]
[{"$nulls":5},0]
["A132",null,"Bus","Months",12,0,{"$f":"$E470*F470","v":{"v":0,"d":"0.00"}},null,{"$f":"$F470*H470","v":{"v":0,"d":"0.00"}}]
[{"$nulls":5},0]
["A133",null,"Other (please list)","Months",12,0,{"$f":"$E472*F472","v":{"v":0,"d":"0.00"}},null,{"$f":"$F472*H472","v":{"v":0,"d":"0.00"}},"N/A"]
[{"$nulls":5},0]
[null,null,"Other Time Related item charges",null,null,0]
["A134",null,"Security when necessary (paid on proof request, notification of risk and proof payment)","Months",12,0,{"$f":"$E475*F475","v":{"v":0,"d":"0.00"}},null,{"$f":"$F475*H475","v":{"v":0,"d":"0.00"}},"Agreed"]
[{"$nulls":5},0]
["A135",null,"Other (please list)","Months",12,0,{"$f":"$E477*F477","v":{"v":0,"d":"0.00"}},null,{"$f":"$F477*H477","v":{"v":0,"d":"0.00"}},"N/A"]
[{"$nulls":5},0]
["A136",null,"Other (please list)","Months",12,0,{"$f":"$E479*F479","v":{"v":0,"d":"0.00"}},null,{"$f":"$F479*H479","v":{"v":0,"d":"0.00"}},"N/A"]
[{"$nulls":5},0]
["A137",null,"Other (please list)","Months",12,0,{"$f":"$E481*F481","v":{"v":0,"d":"0.00"}},null,{"$f":"$F481*H481","v":{"v":0,"d":"0.00"}},"N/A"]
[{"$nulls":5},0]
[null,null,"Supervision (full details required as per proposed organogram)",null,null,0]
[{"$nulls":5},0]
["A138",null,"Quality Control Specialist","Months",12,0,{"$f":"$E485*F485","v":{"v":0,"d":"0.00"}},null,{"$f":"$F485*H485","v":{"v":0,"d":"0.00"}},"Market related"]
[{"$nulls":5},0]
["A139",null,"Building Maintenance Supervisor","Months",12,{"v":26040,"d":"26,040.00"},{"$f":"$E487*F487","v":{"v":312480,"d":"312,480.00"}},null,{"$f":"$F487*H487","v":{"v":0,"d":"0.00"}},"Market related"]
[{"$nulls":5},0]
["A140",null,"Facilities Manager","Months",12,{"v":39060,"d":"39,060.00"},{"$f":"$E489*F489","v":{"v":468720,"d":"468,720.00"}},null,{"$f":"$F489*H489","v":{"v":0,"d":"0.00"}},"Market related"]
[{"$nulls":5},0]
["A141",null,"Electricians (minimum not less than 4)","Months",12,{"v":124992,"d":"124,992.00"},{"$f":"$E491*F491","v":{"v":1499904,"d":"1,499,904.00"}},null,{"$f":"$F491*H491","v":{"v":0,"d":"0.00"}},"Market related"]
[{"$nulls":5},0]
["A145",null,"Handymen (minimum not less than 5, to comprise of at least skilled, semi-skilled and unskilled)","Months",12,{"v":71610,"d":"71,610.00"},{"$f":"$E493*F493","v":{"v":859320,"d":"859,320.00"}},null,{"$f":"$F493*H493","v":{"v":0,"d":"0.00"}},"Market related"]
[{"$nulls":5},0]
["A146",null,"Call Centre Agents (minimum not less than 3 agents)","Months",12,{"v":42966,"d":"42,966.00"},{"$f":"$E495*F495","v":{"v":515592,"d":"515,592.00"}},null,{"$f":"$F495*H495","v":{"v":0,"d":"0.00"}},"Market related"]
[{"$nulls":5},0]
["A147",null,"Administration function","Months",12,{"v":14322,"d":"14,322.00"},{"$f":"$E497*F497","v":{"v":171864,"d":"171,864.00"}},null,{"$f":"$F497*H497","v":{"v":0,"d":"0.00"}},"Market related"]
[{"$nulls":5},0]
["A148",null,"Safety Officer (as required)","Months",12,{"v":31248,"d":"31,248.00"},{"$f":"$E499*F499","v":{"v":374976,"d":"374,976.00"}},null,{"$f":"$F499*H499","v":{"v":0,"d":"0.00"}},"Market related"]
[{"$nulls":5},0]
["A149",null,"Over-time charges on the above","Months",12,{"v":19638.5,"d":"19,638.50"},{"$f":"$E501*F501","v":{"v":235662,"d":"235,662.00"}},null,{"$f":"$F501*H501","v":{"v":0,"d":"0.00"}},"Market related"]
[{"$nulls":5},0]
["A150",null,"Other (please list) - Scaffold Erector x 2","Months",12,0,{"$f":"$E503*F503","v":{"v":0,"d":"0.00"}},null,{"$f":"$F503*H503","v":{"v":0,"d":"0.00"}},"Market related"]
[{"$nulls":5},0]
["A151",null,"Other (please list) - Scaffold Inspector","Months",12,0,{"$f":"$E505*F505","v":{"v":0,"d":"0.00"}},null,{"$f":"$F505*H505","v":{"v":0,"d":"0.00"}},"Market related"]
[{"$nulls":5},0]
["A152",null,"Other (please list)","Months",12,0,{"$f":"$E507*F507","v":{"v":0,"d":"0.00"}},null,{"$f":"$F507*H507","v":{"v":0,"d":"0.00"}},"N/A"]
[{"$nulls":5},0]
["A153",null,"Other (please list)","Months",12,0,{"$f":"$E509*F509","v":{"v":0,"d":"0.00"}},null,{"$f":"$F509*H509","v":{"v":0,"d":"0.00"}},"N/A"]
[{"$nulls":5},0]
[{"$nulls":5},0]
["New",null,"Escalation","%age",null,0,null,null,{"$f":"F512*H512","v":{"v":0,"d":"0.00"}}]
[{"$nulls":5},0]
[{"$nulls":5},0]
[{"$nulls":5},0]
[{"$nulls":5},0]
[{"$nulls":5},0]
[{"$nulls":5},0]
[{"$nulls":5},0]
[{"$nulls":5},0]
[{"$nulls":5},0]
[{"$nulls":5},0]
[{"$nulls":5},0]
[{"$nulls":5},0]
[{"$nulls":5},0]
[{"$nulls":5},0]
[{"$nulls":5},0]
[{"$nulls":5},0]
[{"$nulls":5},0]
[{"$nulls":5},0]
[{"$nulls":5},0]
[{"$nulls":5},0]
[{"$nulls":5},0]
[{"$nulls":5},0]
[{"$nulls":5},0]
[{"$nulls":5},0]
[{"$nulls":5},0]
[{"$nulls":5},0]
[{"$nulls":5},0]
[{"$nulls":5},0]
[{"$nulls":5},0]
[{"$nulls":5},0]
[{"$nulls":5},0]
[{"$nulls":5},0]
[{"$nulls":5},0]
[{"$nulls":5},0]
[{"$nulls":5},0]
[{"$nulls":5},0]
[{"$nulls":5},0]
[{"$nulls":5},0]
[{"$nulls":5},0]
[{"$nulls":5},0]
[{"$nulls":5},0]
[{"$nulls":5},0]
[{"$nulls":5},0]
["TOTAL FOR TIME RELATED P&G'ST",{"$nulls":4},"R",{"v":0,"d":"0.00"},null,{"$f":"SUM(I259:I555)","v":{"v":0,"d":"0.00"}}]

{"sheet":"Section C - Contingency","index":1,"n_rows":69,"n_cols":10,"rows_kept":69,"merged":[[4,0,4,8],[6,0,7,0],[6,1,7,1],[6,2,7,2],[6,3,7,3],[6,4,7,4],[6,5,6,6],[6,7,6,8],[6,9,6,10],[68,0,68,4]]}
[{"$nulls":8},{"$f":"'Section A - P&G''s'!I1","v":"GENERAL BUILDING & ELECTRICAL WORKS  MAINTENANCE IN GORT VARIOUS SITE"}]
[{"$nulls":8},{"$f":"'Section A - P&G''s'!I2","v":"BOQ"}]
[{"$nulls":8},{"$f":"'Section A - P&G''s'!I3","v":"COC, CSCs, SCs AND DALPARK"}]
[]
["SECTION C - CONTINGENCIES"]
[]
["ITEM No.","PAYMENT CLAUSE","DESCRIPTION","UNIT","QUANTITY","CONTRACT SUM",null,"TOTAL TO DATE",null,"COMMENTS"]
[{"$nulls":5},"RATE","AMOUNT            R            c","QUANTITY","AMOUNT         R            c"]
[null,null,"SECTION C"]
[null,null,"CONTINGENCY"]
[]
[null,null,"BILL No. 1"]
[null,null,"BUILDING & ELECTRICAL WORK"]
[]
[null,null,"Payment Clause:"]
[]
[null,null,"PC-ALT101: Any work which exceeds R2000.00 when valued using the Bill of Quantity task rates shall be paid as per the Bill of Quantity task rates. "]
[]
[null,null,"PC-ALT102 :Any work that does not exceed R2000.00 when valued using Bill of Quantity task rates shall be valued and paid as per daywork rates for labour and material costs shall be withdrawn from the budgetary allowances plus contractor's mark-up."]
[]
[null,null,"PC-ALT103: Any work that is not specified in any section of this Bill of Quantities shall be paid on agreed rates of the work of similar nature to what exists in this Bill of Quantities. Where there is not work of similar nature, the Service Provider shall submit the invoice for material and time sheet for labour indicating the duration for which the task was executed. The Service Provider shall be entitled to mark-up as indicated in this Bill of Quantities."]
[]
[null,null,"N/a"]
[]
[]
[]
[]
[]
[]
[null,null,"Add mark-up on the above",null,null,{"v":0.12,"d":"12%"},null,null,0]
{"$rows_empty":38}
["TOTAL FOR CONTINGENCIES",{"$nulls":4},"R",{"$f":"SUM(G25:G68)","v":{"v":0,"d":"0.00"}},"R",{"$f":"SUM(I25:I68)","v":{"v":0,"d":"0.00"}}]

{"sheet":"Section B - Building&Elec Works","index":2,"n_rows":1190,"n_cols":21,"rows_kept":1190,"merged":[[4,0,4,8],[6,0,7,0],[6,1,7,1],[6,2,7,2],[6,3,7,3],[6,4,7,4],[6,5,6,6],[6,7,6,8],[6,9,6,10],[6,11,7,11],[6,12,7,12],[6,13,7,13],[6,14,7,14],[6,15,7,15],[6,16,7,16],[6,17,7,17],[6,18,7,18],[6,19,7,19],[6,20,7,20]]}
[{"$nulls":8},{"$f":"'Section A - P&G''s'!I1","v":"GENERAL BUILDING & ELECTRICAL WORKS  MAINTENANCE IN GORT VARIOUS SITE"}]
[{"$nulls":8},{"$f":"'Section A - P&G''s'!I2","v":"BOQ"}]
[{"$nulls":8},{"$f":"'Section A - P&G''s'!I3","v":"COC, CSCs, SCs AND DALPARK"}]
[]
["SECTION B - BUILDING AND ELECTRICAL WORKS"]
[]
["ITEM No.","PAYMENT CLAUSE","DESCRIPTION","UNIT","QUANTITY","CONTRACT SUM",null,"TOTAL TO DATE",null,"COMMENTS",null,"Date","Ticket no.","Site","Site Name","Overtime Y/N","Calender Week","Material Used","KM","Labour","Hours"]
[{"$nulls":5},"RATE","AMOUNT            R            c","QUANTITY","AMOUNT         R            c"]
[null,null,"SECTION B"]
[null,null,"BUILDING  AND ELECTRICAL WORKS"]
[]
[null,null,"BILL No. 1"]
[null,null,"ALTERATIONS"]
[]
[null,null,"For Preambles, see \"Model Preambles for Trades (2008 Edition) and Supplementary Preambles as specified in the Trades."]
[]
[null,null,"Before submitting his tender the Service Provider shall visit the site and satisfy himself as to the nature and extent of the work to be done and the value of the materials contained in the buildings or portions of the buildings to be demolished.  No claim for any variations of the contract sum in respect of the nature and extent of the work or of inferior or damaged materials will be entertained"]
[]
[null,null,"Explosives"]
[]
[null,null,"No explosives whatsoever may be used for demolition purposes unless otherwise stated"]
[]
[null,null,"General"]
[]
[null,null,"Water supply pipes and other piping in ground that may be encountered and found necessary to disconnect or cut, shall be effectually stopped off or grubbed up and removed, and any new connections that may be necessary shall be made with proper fittings to the satisfaction of the principal agent"]
[]
[null,null,"Unless otherwise described all materials are to become the property of the contractor and are to be removed from the site"]
[]
[null,null,"Payment Clause:"]
[]
[null,null,"PC-ALT101: Any work which exceeds R2000.00 when valued using the Bill of Quantity task rates shall be paid as per the Bill of Quantity task rates. "]
[]
[null,null,"PC-ALT102 :Any work that does not exceed R2000.00 when valued using Bill of Quantity task rates shall be valued and paid as per daywork rates for labour and material costs shall be withdrawn from the budgetary allowances plus contractor's mark-up."]
[]
[null,null,"PC-ALT103: Any work that is not specified in any section of this Bill of Quantities shall be paid on agreed rates of the work of similar nature to what exists in this Bill of Quantities. Where there is not work of similar nature, the Service Provider shall submit the invoice for material and time sheet for labour indicating the duration for which the task was executed. The Service Provider shall be entitled to mark-up as indicated in this Bill of Quantities."]
[]
[]
[null,null,"Breaking down and removing brickwork etc"]
[]
["B1.1.","PC-ALT101","Mass brickwork","m3",1,{"v":242.16115,"d":"242.16"},{"$f":"$E40*F40","v":{"v":242.16115,"d":"242.16"}},null,{"$f":"$F40*H40","v":{"v":0,"d":"0.00"}}]
[{"$nulls":5},0]
["B1.2.","PC-ALT101","Half brick walls","m2",1,{"v":105.53795,"d":"105.54"},{"$f":"$E42*F42","v":{"v":105.53795,"d":"105.54"}},null,{"$f":"$F42*H42","v":{"v":0,"d":"0.00"}}]
[{"$nulls":5},0]
["B1.3.","PC-ALT101","One brick walls","m2",1,{"v":180.05575,"d":"180.06"},{"$f":"$E44*F44","v":{"v":180.05575,"d":"180.06"}},null,{"$f":"$F44*H44","v":{"v":0,"d":"0.00"}}]
[{"$nulls":5},0]
["B1.3.","PC-ALT101","330mm Hollow walls of two half brick skins","m2",1,{"v":180.05575,"d":"180.06"},{"$f":"$E46*F46","v":{"v":180.05575,"d":"180.06"}},null,{"$f":"$F46*H46","v":{"v":0,"d":"0.00"}}]
[{"$nulls":5},0]
[null,null,"Taking out and removing doors, windows, etc from brickwork",null,null,0]
[{"$nulls":5},0]
[null,null,"Taking out and removing doors, windows, etc, including thresholds, sills, etc (building up openings and making good finishes elsewhere)",null,null,0]
[{"$nulls":5},0]
["B1.4.","PC-ALT101","Timber single door and frame not exceeding 2,5m²","No",1,{"v":120.79305,"d":"120.79"},{"$f":"$E52*F52","v":{"v":120.79305,"d":"120.79"}},null,{"$f":"$F52*H52","v":{"v":0,"d":"0.00"}}]
[{"$nulls":5},0]
["B1.5.","PC-ALT101","Timber double door and frame exceeding 2,5m² and not exceeding 5m²","No",1,{"v":243.22445,"d":"243.22"},{"$f":"$E54*F54","v":{"v":243.22445,"d":"243.22"}},null,{"$f":"$F54*H54","v":{"v":0,"d":"0.00"}}]
[{"$nulls":5},0]
["B1.6.","PC-ALT101","Timber single door and steel frame not exceeding 2,5m²","No",1,{"v":145.2815,"d":"145.28"},{"$f":"$E56*F56","v":{"v":145.2815,"d":"145.28"}},null,{"$f":"$F56*H56","v":{"v":0,"d":"0.00"}}]
[{"$nulls":5},0]
["B1.7.","PC-ALT101","Timber double door and steel frame exceeding 2,5m² and not exceeding 5m²","No",1,{"v":290.563,"d":"290.56"},{"$f":"$E58*F58","v":{"v":290.563,"d":"290.56"}},null,{"$f":"$F58*H58","v":{"v":0,"d":"0.00"}}]
[{"$nulls":5},0]
["B1.8.","PC-ALT101","Glazed aluminium window not exceeding 2,5m²","No",1,{"v":145.2815,"d":"145.28"},{"$f":"$E60*F60","v":{"v":145.2815,"d":"145.28"}},null,{"$f":"$F60*H60","v":{"v":0,"d":"0.00"}}]
[{"$nulls":5},0]
["B1.9.","PC-ALT101","Glazed aluminium window exceeding 2,5m² and not exceeding  5m²","No",1,{"v":290.563,"d":"290.56"},{"$f":"$E62*F62","v":{"v":290.563,"d":"290.56"}},null,{"$f":"$F62*H62","v":{"v":0,"d":"0.00"}}]
[{"$nulls":5},0]
["B1.10.","PC-ALT101","Glazed aluminium window exceeding 5m² and not exceeding 7.5m²","No",1,{"v":431.613,"d":"431.61"},{"$f":"$E64*F64","v":{"v":431.613,"d":"431.61"}},null,{"$f":"$F64*H64","v":{"v":0,"d":"0.00"}}]
[{"$nulls":5},0]
[null,null,"Taking down and removing roofs, floors, panelling, ceilings, partitions, etc",null,null,0]
[{"$nulls":5},0]
["B1.11","PC-ALT101","Corrugated sheet steel roof covering and timber purlins","m2",1,{"v":21.23345,"d":"21.23"},{"$f":"$E68*F68","v":{"v":21.23345,"d":"21.23"}},null,{"$f":"$F68*H68","v":{"v":0,"d":"0.00"}}]
[{"$nulls":5},0]
["B1.12.","PC-ALT101","Gypsum plasterboard ceilings, including timber brandering, cornices, etc","m2",1,{"v":21.23345,"d":"21.23"},{"$f":"$E70*F70","v":{"v":21.23345,"d":"21.23"}},null,{"$f":"$F70*H70","v":{"v":0,"d":"0.00"}}]
[]
[{"$nulls":5},0]
["B1.13.","PC-ALT101","Flush plastered gypsum plasterboard suspended ceilings, including suspension grid, hangers, cornices, etc","m2",1,{"v":26.126799999999996,"d":"26.13"},{"$f":"$E73*F73","v":{"v":26.126799999999996,"d":"26.13"}},null,{"$f":"$F73*H73","v":{"v":0,"d":"0.00"}}]
[{"$nulls":5},0]
["B1.14.","PC-ALT101","Acoustic tile suspended ceilings, including suspension grid, hangers, cornices, etc","m2",1,{"v":21.23345,"d":"21.23"},{"$f":"$E75*F75","v":{"v":21.23345,"d":"21.23"}},null,{"$f":"$F75*H75","v":{"v":0,"d":"0.00"}}]
[{"$nulls":5},0]
["B1.15.","PC-ALT101","Drywall partitions exceeding 1.5m and not exceeding 5m high, including doors, glazed borrowed lights, etc","m",1,{"v":58.7636,"d":"58.76"},{"$f":"$E77*F77","v":{"v":58.7636,"d":"58.76"}},null,{"$f":"$F77*H77","v":{"v":0,"d":"0.00"}}]
[{"$nulls":5},0]
[null,null,"Taking up and removing wood block floor coverings, vinyl floor coverings, carpets, etc and preparing screeds for new floor coverings",null,null,0]
[{"$nulls":5},0]
["B1.16.","PC-ALT101","Wood block floor covering","m2",1,{"v":21.23345,"d":"21.23"},{"$f":"$E81*F81","v":{"v":21.23345,"d":"21.23"}},null,{"$f":"$F81*H81","v":{"v":0,"d":"0.00"}}]
[{"$nulls":5},0]
["B1.17.","PC-ALT101","Vinyl tile floor covering","m2",1,{"v":13.063399999999998,"d":"13.06"},{"$f":"$E83*F83","v":{"v":13.063399999999998,"d":"13.06"}},null,{"$f":"$F83*H83","v":{"v":0,"d":"0.00"}}]
[{"$nulls":5},0]
["B1.18.","PC-ALT101","Vinyl sheet floor covering with welded joints","m2",1,{"v":13.063399999999998,"d":"13.06"},{"$f":"$E85*F85","v":{"v":13.063399999999998,"d":"13.06"}},null,{"$f":"$F85*H85","v":{"v":0,"d":"0.00"}}]
[{"$nulls":5},0]
["B1.19.","PC-ALT101","Carpet tile floor covering","m2",1,{"v":13.063399999999998,"d":"13.06"},{"$f":"$E87*F87","v":{"v":13.063399999999998,"d":"13.06"}},null,{"$f":"$F87*H87","v":{"v":0,"d":"0.00"}}]
[{"$nulls":5},0]
[null,null,"Taking out and removing ironmongery",null,null,0]
[{"$nulls":5},0]
["B1.20.","PC-ALT101","Mortice lockset from timber door","No",1,{"v":6.531699999999999,"d":"6.53"},{"$f":"$E91*F91","v":{"v":6.531699999999999,"d":"6.53"}},null,{"$f":"$F91*H91","v":{"v":0,"d":"0.00"}}]
[{"$nulls":5},0]
["B1.21.","PC-ALT101","Door closer from timber door and frame","No",1,{"v":27.74345,"d":"27.74"},{"$f":"$E93*F93","v":{"v":27.74345,"d":"27.74"}},null,{"$f":"$F93*H93","v":{"v":0,"d":"0.00"}}]
[{"$nulls":5},0]
["B1.22.","PC-ALT101","Towel rail not exceeding 2mm long from wall","No",1,{"v":6.531699999999999,"d":"6.53"},{"$f":"$E95*F95","v":{"v":6.531699999999999,"d":"6.53"}},null,{"$f":"$F95*H95","v":{"v":0,"d":"0.00"}}]
[{"$nulls":5},0]
["B1.23.","PC-ALT101","Toilet paper holder from wall","No",1,{"v":6.531699999999999,"d":"6.53"},{"$f":"$E97*F97","v":{"v":6.531699999999999,"d":"6.53"}},null,{"$f":"$F97*H97","v":{"v":0,"d":"0.00"}}]
[{"$nulls":5},0]
["B1.24.","PC-ALT101","Hat and coat hook from wall","No",1,{"v":6.531699999999999,"d":"6.53"},{"$f":"$E99*F99","v":{"v":6.531699999999999,"d":"6.53"}},null,{"$f":"$F99*H99","v":{"v":0,"d":"0.00"}}]
[{"$nulls":5},0]
["B1.25.","PC-ALT101","Taking out/off and removing sundry metalwork","No",1,{"v":137.66479999999999,"d":"137.66"},{"$f":"$E101*F101","v":{"v":137.66479999999999,"d":"137.66"}},null,{"$f":"$F101*H101","v":{"v":0,"d":"0.00"}}]
[{"$nulls":5},0]
[null,null,"Hacking up/off and removing ceramic tiles including  removing mortar bed or adhesive from concrete or brickwork and preparing surfaces for new screed, plaster, tile finish, etc",null,null,0]
[{"$nulls":5},0]
["B1.26.","PC-ALT101","Tiles to floors","m2",1,{"v":26.126799999999996,"d":"26.13"},{"$f":"$E105*F105","v":{"v":26.126799999999996,"d":"26.13"}},null,{"$f":"$F105*H105","v":{"v":0,"d":"0.00"}}]
[{"$nulls":5},0]
["B1.27.","PC-ALT101","Tiles to treads and risers of stairs","m2",1,{"v":27.74345,"d":"27.74"},{"$f":"$E107*F107","v":{"v":27.74345,"d":"27.74"}},null,{"$f":"$F107*H107","v":{"v":0,"d":"0.00"}}]
[{"$nulls":5},0]
["B1.28.","PC-ALT101","Tiles to walls","m2",1,{"v":27.74345,"d":"27.74"},{"$f":"$E109*F109","v":{"v":27.74345,"d":"27.74"}},null,{"$f":"$F109*H109","v":{"v":0,"d":"0.00"}}]
[{"$nulls":5},0]
["B1.29.","PC-ALT101","Tile skirtings 100-150mm high","m",1,{"v":17.95675,"d":"17.96"},{"$f":"$E111*F111","v":{"v":17.95675,"d":"17.96"}},null,{"$f":"$F111*H111","v":{"v":0,"d":"0.00"}}]
[{"$nulls":5},0]
[null,null,"Taking out and removing sanitary fittings, tanks, geysers, etc, including disconnecting from pipes, traps, etc and making good floor and wall finishes (making good tiling and paintwork elsewhere)",null,null,0]
[{"$nulls":5},0]
["B1.30.","PC-ALT101","Stainless steel sink and drainer from timber cupboard","No",1,206.15,{"$f":"$E115*F115","v":206.15},null,{"$f":"$F115*H115","v":{"v":0,"d":"0.00"}}]
[{"$nulls":5},0]
["B1.31.","PC-ALT101","Vitreous china wash hand basin","No",1,379.75,{"$f":"$E117*F117","v":379.75},null,{"$f":"$F117*H117","v":{"v":0,"d":"0.00"}}]
[{"$nulls":5},0]
["B1.32.","PC-ALT101","Vitreous china WC pan with cistern and flush pipe","No",1,{"v":217,"d":"217.00"},{"$f":"$E119*F119","v":{"v":217,"d":"217.00"}},null,{"$f":"$F119*H119","v":{"v":0,"d":"0.00"}}]
[{"$nulls":5},0]
["B1.33.","PC-ALT101","Vitreous china WC pan with flush valve and flush pipe","No",1,379.75,{"$f":"$E121*F121","v":379.75},null,{"$f":"$F121*H121","v":{"v":0,"d":"0.00"}}]
[{"$nulls":5},0]
["B1.34.","PC-ALT101","Vitreous china wall hung urinal with flush valve and flush pipe","No",1,{"v":325.5,"d":"325.50"},{"$f":"$E123*F123","v":{"v":325.5,"d":"325.50"}},null,{"$f":"$F123*H123","v":{"v":0,"d":"0.00"}}]
[{"$nulls":5},0]
[null,null,"Taking out/off and removing glass and mirrors",null,null,0]
[{"$nulls":5},0]
["B1.35.","PC-ALT101","Glass from aluminium windows with beads, including cleaning out rebates and preparing for new glass","m2",1,{"v":13.063399999999998,"d":"13.06"},{"$f":"$E127*F127","v":{"v":13.063399999999998,"d":"13.06"}},null,{"$f":"$F127*H127","v":{"v":0,"d":"0.00"}}]
[{"$nulls":5},0]
["B1.36.","PC-ALT101","Glass from steel windows, including cleaning out rebates and preparing for new glass","m2",1,{"v":13.063399999999998,"d":"13.06"},{"$f":"$E129*F129","v":{"v":13.063399999999998,"d":"13.06"}},null,{"$f":"$F129*H129","v":{"v":0,"d":"0.00"}}]
[{"$nulls":5},0]
["B1.37.","PC-ALT101","Mirror 600 x 900mm high from wall","No",1,{"v":26.126799999999996,"d":"26.13"},{"$f":"$E131*F131","v":{"v":26.126799999999996,"d":"26.13"}},null,{"$f":"$F131*H131","v":{"v":0,"d":"0.00"}}]
[{"$nulls":5},0]
[null,null,"Dayworks for work that is equal to or less than R2000.00",null,null,0]
[{"$nulls":5},0]
["B1.38.","PC-ALT102","Skilled labour","Hrs",1,{"v":97.46555,"d":"97.47"},{"$f":"$E135*F135","v":{"v":97.46555,"d":"97.47"}},null,{"$f":"$F135*H135","v":{"v":0,"d":"0.00"}}]
[{"$nulls":5},0]
["B1.39.","PC-ALT102","Semi-skilled labour","Hrs",1,{"v":71.0024,"d":"71.00"},{"$f":"$E137*F137","v":{"v":71.0024,"d":"71.00"}},null,{"$f":"$F137*H137","v":{"v":0,"d":"0.00"}}]
[{"$nulls":5},0]
["B1.40.","PC-ALT102","Unskilled labour","Hrs",1,{"v":33.27695,"d":"33.28"},{"$f":"$E139*F139","v":{"v":33.27695,"d":"33.28"}},null,{"$f":"$F139*H139","v":{"v":0,"d":"0.00"}}]
[]
[]
[null,null,"Budgetary allowances"]
[]
["B1.41.","PC-ALT103","Allow for a budgetary amount of R100 000.00 (Hundred Thousand Rands Only) for above building works ","Sum",1,{"v":100000,"d":"100,000.00"},{"$f":"$E144*F144","v":{"v":100000,"d":"100,000.00"}},null,{"$f":"H144","v":{"v":0,"d":"0.00"}}]
[]
["B1.42.","PC-ALT103","Allow for profit and overheads on the above","%",{"v":0,"d":"0%"},{"v":0.12,"d":"12%"},{"$f":"F146*G144","v":{"v":12000,"d":"12,000.00"}},null,{"$f":"$F146*H146","v":{"v":0,"d":"0.00"}}]
[]
[]
[]
[null,null,"TOTAL FOR ALTERATIONS",{"$nulls":3},{"$f":"SUM(G9:G149)","v":{"v":116637.3985,"d":"116,637.40"}},null,{"$f":"SUM(I9:I149)","v":{"v":0,"d":"0.00"}}]
[]
[null,null,"BILL No. 2"]
[null,null,"WATERPROOFING"]
[]
[null,null,"For Preambles, see \"Model Preambles for Trades (2008 Edition) and Supplementary Preambles as specified in the Trades."]
[]
[]
[null,null,"Before submitting his tender the Service Provider shall visit the site and satisfy himself as to the nature and extent of the work to be done and the value of the materials contained in the buildings or portions of the buildings to be demolished.  No claim for any variations of the contract sum in respect of the nature and extent of the work or of inferior or damaged materials will be entertained"]
[]
[null,null,"Waterproofing"]
[]
[null,null,"Waterproofing of roofs, basements, etc shall be laid under a ten year guarantee.  Waterproofing to roofs shall be laid to even falls to outlets etc with necessary ridges, hips and valleys. Descriptions of sheet or membrane waterproofing shall be deemed to include additional labour to turn-ups and turn-downs"]
[]
[]
[]
[null,null,"Payment Clause:"]
[]
[null,null,"PC-ALT101: Any work which exceeds R2000.00 when valued using the Bill of Quantity task rates shall be paid as per the Bill of Quantity task rates. "]
[]
[null,null,"PC-ALT102 :Any work that does not exceed R2000.00 when valued using Bill of Quantity task rates shall be valued and paid as per daywork rates for labour and material costs shall be withdrawn from the budgetary allowances plus contractor's mark-up."]
[]
[null,null,"PC-ALT103: Any work that is not specified in any section of this Bill of Quantities shall be paid on agreed rates of the work of similar nature to what exists in this Bill of Quantities. Where there is not work of similar nature, the Service Provider shall submit the invoice for material and time sheet for labour indicating the duration for which the task was executed. The Service Provider shall be entitled to mark-up as indicated in this Bill of Quantities."]
[]
[null,null,"WATERPROOFING TO ROOFS, BASEMENTS, ETC "]
[]
[null,null,"One layer \"Debigum SP4\" waterproofing membrane, with 75mm side and 100mm end laps, torch-fusion sealed to and including bitumen primed surfaces to"]
[]
["B2.1.","PC-ALT101","Flat roofs","m2",1,{"v":502.08375,"d":"502.08"},null,null,{"$f":"$F178*H178","v":{"v":0,"d":"0.00"}}]
[{"$nulls":5},0]
["B2.2.","PC-ALT101","Flat roofs in patches","m2",null,{"v":502.08375,"d":"502.08"},{"$f":"$E180*F180","v":{"v":0,"d":"0.00"}},{"v":0,"d":"0.00"},{"$f":"$F180*H180","v":{"v":0,"d":"0.00"}}]
[{"$nulls":5},0]
[null,null,"Two coats aluminium paint to",null,null,0]
[{"$nulls":5},0]
["B2.3.","PC-ALT101","Flat roofs","m2",1,{"v":68.4635,"d":"68.46"},{"$f":"$E184*F184","v":{"v":68.4635,"d":"68.46"}},null,{"$f":"$F184*H184","v":{"v":0,"d":"0.00"}}]
[{"$nulls":5},0]
[null,null,"SEALING STRIPS, JOINT SEALANTS, ETC ",null,null,0]
[{"$nulls":5},0]
[null,null,"Two-part coloured polysulphide sealing compound including backing cord, bond breaker, primer, etc. to match existing",null,null,0]
[{"$nulls":5},0]
["B2.4.","PC-ALT101","10 x 10mm In vertical expansion joints including raking out expansion joint filler as necessary","m",1,{"v":109.03164999999998,"d":"109.03"},{"$f":"$E190*F190","v":{"v":109.03164999999998,"d":"109.03"}},null,{"$f":"$F190*H190","v":{"v":0,"d":"0.00"}}]
[{"$nulls":5},0]
["B2.5.","PC-ALT101","Ditto but 12mm wide joints","m",1,{"v":109.03164999999998,"d":"109.03"},{"$f":"$E192*F192","v":{"v":109.03164999999998,"d":"109.03"}},null,{"$f":"$F192*H192","v":{"v":0,"d":"0.00"}}]
[{"$nulls":5},0]
[null,null,"Dayworks for work that is equal to or less than R2000.00",null,null,0]
[{"$nulls":5},0]
["B2.6.","PC-ALT102","Skilled labour","Hrs",1,{"v":97.46555,"d":"97.47"},{"$f":"$E196*F196","v":{"v":97.46555,"d":"97.47"}},null,{"$f":"$F196*H196","v":{"v":0,"d":"0.00"}}]
[{"$nulls":5},0]
["B2.7.","PC-ALT102","Semi-skilled labour","Hrs",1,{"v":71.0024,"d":"71.00"},{"$f":"$E198*F198","v":{"v":71.0024,"d":"71.00"}},null,{"$f":"$F198*H198","v":{"v":0,"d":"0.00"}}]
[{"$nulls":5},0]
["B2.8.","PC-ALT102","Unskilled labour","Hrs",1,{"v":33.27695,"d":"33.28"},{"$f":"$E200*F200","v":{"v":33.27695,"d":"33.28"}},null,{"$f":"$F200*H200","v":{"v":0,"d":"0.00"}}]
[]
[null,null,"Budgetary allowances"]
[]
["B2.9.","PC-ALT103","Allow for a budgetary amount of R20 000.00 (Twenty Thousand Rands Only) for above building works ","Sum",1,{"v":20000,"d":"20,000.00"},{"$f":"$E204*F204","v":{"v":20000,"d":"20,000.00"}},null,{"$f":"H204","v":{"v":0,"d":"0.00"}}]
[]
["B2.10.","PC-ALT103","Allow for profit and overheads on the above","%",{"v":0,"d":"0%"},{"v":0.12,"d":"12%"},{"$f":"F206*G204","v":{"v":2400,"d":"2,400.00"}},null,{"$f":"$F206*H206","v":{"v":0,"d":"0.00"}}]
[]
[]
[]
[null,null,"TOTAL FOR WATERPROOFING",{"$nulls":3},{"$f":"SUM(G152:G209)","v":{"v":22888.2717,"d":"22,888.27"}},null,{"$f":"SUM(I152:I209)","v":{"v":0,"d":"0.00"}}]
[]
[null,null,"BILL No. 3"]
[null,null,"ROOF COVERINGS"]
[]
[null,null,"For Preambles, see \"Model Preambles for Trades (2008 Edition) and Supplementary Preambles as specified in the Trades."]
[]
[]
[null,null,"Before submitting his tender the bidder shall visit the site and satisfy himself as to the nature and extent of the work to be done and the value of the materials contained in the buildings or portions of the buildings to be demolished.  No claim for any variations of the contract sum in respect of the nature and extent of the work or of inferior or damaged materials will be entertained"]
[]
[null,null,"Payment Clause:"]
[]
[null,null,"PC-ALT101: Any work which exceeds R2000.00 when valued using the Bill of Quantity task rates shall be paid as per the Bill of Quantity task rates. "]
[]
[null,null,"PC-ALT102 :Any work that does not exceed R2000.00 when valued using Bill of Quantity task rates shall be valued and paid as per daywork rates for labour and material costs shall be withdrawn from the budgetary allowances plus contractor's mark-up."]
[]
[null,null,"PC-ALT103: Any work that is not specified in any section of this Bill of Quantities shall be paid on agreed rates of the work of similar nature to what exists in this Bill of Quantities. Where there is not work of similar nature, the Service Provider shall submit the invoice for material and time sheet for labour indicating the duration for which the task was executed. The Service Provider shall be entitled to mark-up as indicated in this Bill of Quantities."]
[]
[null,null,"PROFILED METAL SHEETING AND ACCESSORIES"]
[]
[null,null,"Klip-lok Chromadek profile sheeting screwed to steel or timber purlins in"]
[]
["B3.1.","PC-ALT101","Roof covering with pitches not exceeding 25 degrees","m2",1,{"v":458.6946,"d":"458.69"},{"$f":"$E232*F232","v":{"v":458.6946,"d":"458.69"}},null,{"$f":"$F232*H232","v":{"v":0,"d":"0.00"}}]
[{"$nulls":5},0]
["B3.2.","PC-ALT101","Side cladding","m2",1,{"v":468.503,"d":"468.50"},{"$f":"$E234*F234","v":{"v":468.503,"d":"468.50"}},null,{"$f":"$F234*H234","v":{"v":0,"d":"0.00"}}]
[{"$nulls":5},0]
["B3.3.","PC-ALT101","Soffit cladding","m2",1,{"v":468.503,"d":"468.50"},{"$f":"$E236*F236","v":{"v":468.503,"d":"468.50"}},null,{"$f":"$F236*H236","v":{"v":0,"d":"0.00"}}]
[{"$nulls":5},0]
["B3.4.","PC-ALT101","Roof covering and side cladding to dormers, turrets, etc","m2",1,{"v":486.4489,"d":"486.45"},{"$f":"$E238*F238","v":{"v":486.4489,"d":"486.45"}},null,{"$f":"$F238*H238","v":{"v":0,"d":"0.00"}}]
[{"$nulls":5},0]
["B3.5.","PC-ALT101","Circular cutting","m",1,{"v":8.17005,"d":"8.17"},{"$f":"$E240*F240","v":{"v":8.17005,"d":"8.17"}},null,{"$f":"$F240*H240","v":{"v":0,"d":"0.00"}}]
[{"$nulls":5},0]
[null,null,"ROOF INSULATION, ETC",null,null,0]
[{"$nulls":5},0]
["B3.6.","PC-ALT101","75mm Non-combustible factorylite roof insulation with metalized foil fixed concurrent with roof sheeting including tightening the stringers","m",1,{"v":40.80685,"d":"40.81"},{"$f":"$E244*F244","v":{"v":40.80685,"d":"40.81"}},null,{"$f":"$F244*H244","v":{"v":0,"d":"0.00"}}]
[{"$nulls":5},0]
[{"$nulls":5},0]
[null,null,"Dayworks for work that is equal to or less than R2000.00",null,null,0]
[{"$nulls":5},0]
["B3.7.","PC-ALT102","Skilled labour","Hrs",1,{"v":97.46555,"d":"97.47"},{"$f":"$E249*F249","v":{"v":97.46555,"d":"97.47"}},null,{"$f":"$F249*H249","v":{"v":0,"d":"0.00"}}]
[]
[{"$nulls":5},0]
["B3.8.","PC-ALT102","Semi-skilled labour","Hrs",1,{"v":71.0024,"d":"71.00"},{"$f":"$E252*F252","v":{"v":71.0024,"d":"71.00"}},null,{"$f":"$F252*H252","v":{"v":0,"d":"0.00"}}]
[{"$nulls":5},0]
["B3.9.","PC-ALT102","Unskilled labour","Hrs",1,{"v":33.27695,"d":"33.28"},{"$f":"$E254*F254","v":{"v":33.27695,"d":"33.28"}},null,{"$f":"$F254*H254","v":{"v":0,"d":"0.00"}}]
[]
[null,null,"Budgetary allowances"]
[]
["B3.10.","PC-ALT103","Allow for a budgetary amount of R50 000.00 (Fifty Thousand Rands Only) for above building works ","Sum",1,{"v":50000,"d":"50,000.00"},{"$f":"$E258*F258","v":{"v":50000,"d":"50,000.00"}},null,{"$f":"H258","v":{"v":0,"d":"0.00"}}]
[]
["B3.11.","PC-ALT103","Allow for profit and overheads on the above","%",{"v":0,"d":"0%"},{"v":0.12,"d":"12%"},{"$f":"F260*G258","v":{"v":6000,"d":"6,000.00"}},null,{"$f":"$F260*H260","v":{"v":0,"d":"0.00"}}]
[]
[]
[]
[null,null,"TOTAL FOR ROOF COVERINGS",{"$nulls":3},{"$f":"SUM(G230:G263)","v":{"v":58132.8713,"d":"58,132.87"}},null,{"$f":"SUM(I230:I263)","v":{"v":0,"d":"0.00"}}]
[]
[null,null,"BILL No. 4"]
[null,null,"CARPENTRY AND JOINERY"]
[]
[null,null,"For Preambles, see \"Model Preambles for Trades (2008 Edition) and Supplementary Preambles as specified in the Trades."]
[]
[]
[null,null,"Before submitting his tender the bidder shall visit the site and satisfy himself as to the nature and extent of the work to be done and the value of the materials contained in the buildings or portions of the buildings to be demolished.  No claim for any variations of the contract sum in respect of the nature and extent of the work or of inferior or damaged materials will be entertained"]
[]
[null,null,"Payment Clause:"]
[]
[null,null,"PC-ALT101: Any work which exceeds R2000.00 when valued using the Bill of Quantity task rates shall be paid as per the Bill of Quantity task rates. "]
[]
[null,null,"PC-ALT102 :Any work that does not exceed R2000.00 when valued using Bill of Quantity task rates shall be valued and paid as per daywork rates for labour and material costs shall be withdrawn from the budgetary allowances plus contractor's mark-up."]
[]
[null,null,"PC-ALT103: Any work that is not specified in any section of this Bill of Quantities shall be paid on agreed rates of the work of similar nature to what exists in this Bill of Quantities. Where there is not work of similar nature, the Service Provider shall submit the invoice for material and time sheet for labour indicating the duration for which the task was executed. The Service Provider shall be entitled to mark-up as indicated in this Bill of Quantities."]
[]
[null,null,"TIMBER DOORS, WINDOWS, ETC"]
[]
[null,null,"DOORS ETC"]
[]
[null,null,"Standard Doors"]
[]
["B4.1.","PC-ALT101","Side hung semi-solid hollow core door, size 813 x 2 442mm high, hung to aluminium frame ","No",1,596.75,{"$f":"$E288*F288","v":596.75},null,{"$f":"$F288*H288","v":{"v":0,"d":"0.00"}}]
[null,null,"Fire Doors",null,null,0]
[{"$nulls":5},0]
["B4.2.","PC-ALT101","Class A, 2hour fire resistant door size 1 800 x 2 140mm high with commercial veneer both sides with the external side covered with galvanised steel metal plate wrapped around and single rebated pressed steel door frame finished with red oxide plugged to and suitable for one brick walls with heavy butt hinges as manufacturer's specifications","No",1,{"v":711.4345000000001,"d":"711.43"},{"$f":"$E291*F291","v":{"v":711.4345000000001,"d":"711.43"}},null,{"$f":"$F291*H291","v":{"v":0,"d":"0.00"}}]
[{"$nulls":5},0]
["B4.3.","PC-ALT101","Class B, 2hour fire resistant door size 1 800 x 2 140mm high with commercial veneer both sides with the external side covered with galvanised steel metal plate wrapped around and single rebated pressed steel door frame finished with red oxide plugged to and suitable for one brick walls with heavy butt hinges as manufacturer's specifications","No",1,813.75,{"$f":"$E293*F293","v":813.75},null,{"$f":"$F293*H293","v":{"v":0,"d":"0.00"}}]
[{"$nulls":5},0]
["B4.4.","PC-ALT101","Class C, 2hour fire resistant door size 1 800 x 2 140mm high with commercial veneer both sides with the external side covered with galvanised steel metal plate wrapped around and single rebated pressed steel door frame finished with red oxide plugged to and suitable for one brick walls with heavy butt hinges as manufacturer's specifications","No",1,{"v":726.9499999999999,"d":"726.95"},{"$f":"$E295*F295","v":{"v":726.9499999999999,"d":"726.95"}},null,{"$f":"$F295*H295","v":{"v":0,"d":"0.00"}}]
[{"$nulls":5},0]
["B4.5.","PC-ALT101","Class D, 2hour fire resistant door size 1 800 x 2 140mm high with commercial veneer both sides with the external side covered with galvanised steel metal plate wrapped around and single rebated pressed steel door frame finished with red oxide plugged to and suitable for one brick walls with heavy butt hinges as manufacturer's specifications","No",1,{"v":735.0875,"d":"735.09"},{"$f":"$E297*F297","v":{"v":735.0875,"d":"735.09"}},null,{"$f":"$F297*H297","v":{"v":0,"d":"0.00"}}]
[{"$nulls":5},0]
["B4.6.","PC-ALT101","Class A, 2hour fire resistant door size 813 x 2 032mm high with commercial veneer both sides with the external side covered with galvanised steel metal plate wrapped around and single rebated pressed steel door frame finished with red oxide plugged to and suitable for one brick walls with heavy butt hinges as manufacturer's specifications","No",1,{"v":819.175,"d":"819.18"},{"$f":"$E299*F299","v":{"v":819.175,"d":"819.18"}},null,{"$f":"$F299*H299","v":{"v":0,"d":"0.00"}}]
[{"$nulls":5},0]
["B4.7.","PC-ALT101","Class B, 2hour fire resistant door size 813 x 2 032mm high with commercial veneer both sides with the external side covered with galvanised steel metal plate wrapped around and single rebated pressed steel door frame finished with red oxide plugged to and suitable for one brick walls with heavy butt hinges as manufacturer's specifications","No",1,748.65,{"$f":"$E301*F301","v":748.65},null,{"$f":"$F301*H301","v":{"v":0,"d":"0.00"}}]
[{"$nulls":5},0]
["B4.8.","PC-ALT101","Class C, 2hour fire resistant door size 813 x 2 032mm high with commercial veneer both sides with the external side covered with galvanised steel metal plate wrapped around and single rebated pressed steel door frame finished with red oxide plugged to and suitable for one brick walls with heavy butt hinges as manufacturer's specifications","No",1,922.25,{"$f":"$E303*F303","v":922.25},null,{"$f":"$F303*H303","v":{"v":0,"d":"0.00"}}]
[{"$nulls":5},0]
[{"$nulls":5},0]
["B4.9.","PC-ALT101","Class D, 2hour fire resistant door size 813 x 2 032mm high with commercial veneer both sides with the external side covered with galvanised steel metal plate wrapped around and single rebated pressed steel door frame finished with red oxide plugged to and suitable for one brick walls with heavy butt hinges as manufacturer's specifications","No",1,{"v":1030.75,"d":"1,030.75"},{"$f":"$E306*F306","v":{"v":1030.75,"d":"1,030.75"}},null,{"$f":"$F306*H306","v":{"v":0,"d":"0.00"}}]
[{"$nulls":5},0]
[null,null,"Dayworks for work that is equal to or less than R2000.00",null,null,0]
[{"$nulls":5},0]
["B4.10.","PC-ALT102","Skilled labour","Hrs",1,{"v":97.46555,"d":"97.47"},{"$f":"$E310*F310","v":{"v":97.46555,"d":"97.47"}},null,{"$f":"$F310*H310","v":{"v":0,"d":"0.00"}}]
[{"$nulls":5},0]
["B4.11.","PC-ALT102","Semi-skilled labour","Hrs",1,{"v":71.0024,"d":"71.00"},{"$f":"$E312*F312","v":{"v":71.0024,"d":"71.00"}},null,{"$f":"$F312*H312","v":{"v":0,"d":"0.00"}}]
[{"$nulls":5},0]
["B4.12.","PC-ALT102","Unskilled labour","Hrs",1,{"v":33.27695,"d":"33.28"},{"$f":"$E314*F314","v":{"v":33.27695,"d":"33.28"}},null,{"$f":"$F314*H314","v":{"v":0,"d":"0.00"}}]
[]
[null,null,"Budgetary allowances"]
[]
["B4.13.","PC-ALT103","Allow for a budgetary amount of R20 000.00 (Twenty Thousand Rands Only) for above building works ","Sum",1,{"v":20000,"d":"20,000.00"},{"$f":"$E318*F318","v":{"v":20000,"d":"20,000.00"}},null,{"$f":"H318","v":{"v":0,"d":"0.00"}}]
[]
["B4.14.","PC-ALT103","Allow for profit and overheads on the above","%",{"v":0,"d":"0%"},{"v":0.12,"d":"12%"},{"$f":"F320*G318","v":{"v":2400,"d":"2,400.00"}},null,{"$f":"$F320*H320","v":{"v":0,"d":"0.00"}}]
[]
[]
[]
[]
[{"$nulls":5},"%"]
[null,null,"add Mark-up on the above","%",null,{"v":0.12,"d":"12%"},null,null,{"$f":"+H326*F326","v":{"v":0,"d":"0.00"}}]
[]
[]
[null,null,"TOTAL FOR CARPENTRY & JOINERY",{"$nulls":3},{"$f":"SUM(G273:G328)","v":{"v":29706.5419,"d":"29,706.54"}},null,{"$f":"SUM(I273:I327)","v":{"v":0,"d":"0.00"}}]
[]
[null,null,"BILL No. 5"]
[null,null,"CEILINGS AND PARTITION"]
[]
[null,null,"For Preambles, see \"Model Preambles for Trades (2008 Edition) and Supplementary Preambles as specified in the Trades."]
[]
[null,null,"Before submitting his tender the bidder shall visit the site and satisfy himself as to the nature and extent of the work to be done and the value of the materials contained in the buildings or portions of the buildings to be demolished.  No claim for any variations of the contract sum in respect of the nature and extent of the work or of inferior or damaged materials will be entertained"]
[]
[null,null,"Fixing"]
[]
[null,null,"Items described as \"nailed\" shall be deemed to be fixed with hardened steel nails or pins, or to be shot-pinned, to brickwork or concrete"]
[null,null,"Items described as \"plugged\" shall be deemed to include screwing to fibre, plastic or metal plugs at not exceeding 500mm centres, and where described as \"bolted\", the bolts have been given elsewhere"]
[]
[null,null,"Ceilings"]
[]
[null,null,"Unless otherwise described ceilings shall be deemed to be horizontal"]
[]
[null,null,"Bulkheads"]
[null,null,"Unless otherwise described bulkheads shall be deemed to be horizontal along the length. Any drop down ceiling in soffits exceed 1 200mm wide shall be measured under flush plaster ceiling"]
[]
[null,null,"Steel components"]
[null,null,"All steel components for ceilings, partitions, etc are to be galvanised in accordance with SANS 121"]
[]
[null,null,"Payment Clause:"]
[null,null,"PC-ALT101: Any work which exceeds R2000.00 when valued using the Bill of Quantity task rates shall be paid as per the Bill of Quantity task rates. "]
[]
[null,null,"PC-ALT102 :Any work that does not exceed R2000.00 when valued using Bill of Quantity task rates shall be valued and paid as per daywork rates for labour and material costs shall be withdrawn from the budgetary allowances plus contractor's mark-up."]
[]
[null,null,"PC-ALT103: Any work that is not specified in any section of this Bill of Quantities shall be paid on agreed rates of the work of similar nature to what exists in this Bill of Quantities. Where there is not work of similar nature, the Service Provider shall submit the invoice for material and time sheet for labour indicating the duration for which the task was executed. The Service Provider shall be entitled to mark-up as indicated in this Bill of Quantities."]
[]
[null,null,"SUSPENDED CEILINGS "]
[]
[null,null,"9-12.5mm Taper edge \"Gyprock\" gypsum plasterboard  screwed to and including \"Donn\" screw-up suspension system  with \"RhinoTape\" over joints and the whole finished with  \"RhinoLite\" gypsum skim plaster trowelled to a smooth polished surface"]
[]
["B5.1.","PC-ALT101","Horizontal ceilings suspended not exceeding 1m below timber purlins at 1.20m centres (trusses at 0.70m centres)","m2",1,{"v":351.9306,"d":"351.93"},{"$f":"$E364*F364","v":{"v":351.9306,"d":"351.93"}},null,{"$f":"$F364*H364","v":{"v":0,"d":"0.00"}}]
[{"$nulls":5},0]
["B5.2.","PC-ALT101","Ditto but below concrete slabs","m2",1,{"v":365.47139999999996,"d":"365.47"},{"$f":"$E366*F366","v":{"v":365.47139999999996,"d":"365.47"}},null,{"$f":"$F366*H366","v":{"v":0,"d":"0.00"}}]
[{"$nulls":5},0]
["B5.3.","PC-ALT101","Horizontal ceilings suspended exceeding 1m and not exceeding 2m below timber purlins at 1.20m centres (trusses at 0.70m centres)","m2",1,{"v":338.40065,"d":"338.40"},{"$f":"$E368*F368","v":{"v":338.40065,"d":"338.40"}},null,{"$f":"$F368*H368","v":{"v":0,"d":"0.00"}}]
[{"$nulls":5},0]
["B5.4.","PC-ALT101","Ditto but below concrete slabs","m2",1,{"v":357.34475000000003,"d":"357.34"},{"$f":"$E370*F370","v":{"v":357.34475000000003,"d":"357.34"}},null,{"$f":"$F370*H370","v":{"v":0,"d":"0.00"}}]
[{"$nulls":5},0]
["B5.5.","PC-ALT101","Vertical ceilings suspended not exceeding 1m below timber purlins at 1.20m centres (trusses at 0.70m centres)","m2",1,{"v":270.71835,"d":"270.72"},{"$f":"$E372*F372","v":{"v":270.71835,"d":"270.72"}},null,{"$f":"$F372*H372","v":{"v":0,"d":"0.00"}}]
[{"$nulls":5},0]
["B5.6.","PC-ALT101","Ditto but below concrete slabs","m2",1,{"v":362.7589,"d":"362.76"},{"$f":"$E374*F374","v":{"v":362.7589,"d":"362.76"}},null,{"$f":"$F374*H374","v":{"v":0,"d":"0.00"}}]
[{"$nulls":5},0]
["B5.7.","PC-ALT101","Vertical ceilings suspended exceeding 1m and not exceeding 2m below timber purlins at 1.20m centres (trusses at 0.70m centres)","m2",1,{"v":311.3299,"d":"311.33"},{"$f":"$E376*F376","v":{"v":311.3299,"d":"311.33"}},null,{"$f":"$F376*H376","v":{"v":0,"d":"0.00"}}]
[{"$nulls":5},0]
["B5.8.","PC-ALT101","Ditto but below concrete slabs","m2",1,{"v":319.4457,"d":"319.45"},{"$f":"$E378*F378","v":{"v":319.4457,"d":"319.45"}},null,{"$f":"$F378*H378","v":{"v":0,"d":"0.00"}}]
[{"$nulls":5},0]
["B5.9.","PC-ALT101","Horizontal bulkheads not exceeding 300mm wide","m",1,{"v":351.9306,"d":"351.93"},{"$f":"$E380*F380","v":{"v":351.9306,"d":"351.93"}},null,{"$f":"$F380*H380","v":{"v":0,"d":"0.00"}}]
[{"$nulls":5},0]
["B5.10.","PC-ALT101","Ditto but exceeding 300mm and not exceeding 500mm wide","m",1,{"v":360.87100000000004,"d":"360.87"},{"$f":"$E382*F382","v":{"v":360.87100000000004,"d":"360.87"}},null,{"$f":"$F382*H382","v":{"v":0,"d":"0.00"}}]
[{"$nulls":5},0]
["B5.11.","PC-ALT101","Ditto but exceeding 500mm and not exceeding 700mm wide","m",1,{"v":338.40065,"d":"338.40"},{"$f":"$E384*F384","v":{"v":338.40065,"d":"338.40"}},null,{"$f":"$F384*H384","v":{"v":0,"d":"0.00"}}]
[{"$nulls":5},0]
["B5.12.","PC-ALT101","Ditto but exceeding 700mm and not exceeding 900mm wide","m",1,{"v":330.27399999999994,"d":"330.27"},{"$f":"$E386*F386","v":{"v":330.27399999999994,"d":"330.27"}},null,{"$f":"$F386*H386","v":{"v":0,"d":"0.00"}}]
[{"$nulls":5},0]
["B5.13.","PC-ALT101","Ditto but exceeding 900mm and not exceeding 1200mm wide","m",1,{"v":308.6174,"d":"308.62"},{"$f":"$E388*F388","v":{"v":308.6174,"d":"308.62"}},null,{"$f":"$F388*H388","v":{"v":0,"d":"0.00"}}]
[{"$nulls":5},0]
["B5.14.","PC-ALT101","Vertical bulkheads not exceeding 300mm high","m",1,{"v":338.40065,"d":"338.40"},{"$f":"$E390*F390","v":{"v":338.40065,"d":"338.40"}},null,{"$f":"$F390*H390","v":{"v":0,"d":"0.00"}}]
[{"$nulls":5},0]
["B5.15.","PC-ALT101","Ditto but exceeding 300mm and not exceeding 500mm high","m",1,{"v":352.5816,"d":"352.58"},{"$f":"$E392*F392","v":{"v":352.5816,"d":"352.58"}},null,{"$f":"$F392*H392","v":{"v":0,"d":"0.00"}}]
[{"$nulls":5},0]
["B5.16.","PC-ALT101","Ditto but exceeding 500mm and not exceeding 700mm high","m",1,{"v":365.47139999999996,"d":"365.47"},{"$f":"$E394*F394","v":{"v":365.47139999999996,"d":"365.47"}},null,{"$f":"$F394*H394","v":{"v":0,"d":"0.00"}}]
[{"$nulls":5},0]
["B5.17.","PC-ALT101","Ditto but exceeding 700mm and not exceeding 900mm wide high","m",1,{"v":373.6957,"d":"373.70"},{"$f":"$E396*F396","v":{"v":373.6957,"d":"373.70"}},null,{"$f":"$F396*H396","v":{"v":0,"d":"0.00"}}]
[{"$nulls":5},0]
["B5.18.","PC-ALT101","Ditto but exceeding 900mm and not exceeding 1200mm wide high","m",1,{"v":357.34475000000003,"d":"357.34"},{"$f":"$E398*F398","v":{"v":357.34475000000003,"d":"357.34"}},null,{"$f":"$F398*H398","v":{"v":0,"d":"0.00"}}]
[{"$nulls":5},0]
["B5.19.","PC-ALT101","Extra over ceilings for opening for 75-150mm diameter downlighter","No",1,{"v":335.68814999999995,"d":"335.69"},{"$f":"$E400*F400","v":{"v":335.68814999999995,"d":"335.69"}},null,{"$f":"$F400*H400","v":{"v":0,"d":"0.00"}}]
[{"$nulls":5},0]
[{"$nulls":5},0]
[null,null,"1200 x 600mm White laid-in cellulose-fibre \"lay-in\" acoustic bevel edge ceiling tiles on a recessed suspended \"Donn\" exposed grid system complete with main tees, cross tees, etc",null,null,0]
[{"$nulls":5},0]
["B5.20","PC-ALT101","Horizontal ceilings suspended not exceeding 1m below timber purlins at 1.20m centres (trusses at 0.70m centres)","m2",1,{"v":351.9306,"d":"351.93"},{"$f":"$E405*F405","v":{"v":351.9306,"d":"351.93"}},null,{"$f":"$F405*H405","v":{"v":0,"d":"0.00"}}]
[{"$nulls":5},0]
["B5.21.","PC-ALT101","Ditto but below concrete slabs","m2",1,{"v":361.4135,"d":"361.41"},{"$f":"$E407*F407","v":{"v":361.4135,"d":"361.41"}},null,{"$f":"$F407*H407","v":{"v":0,"d":"0.00"}}]
[{"$nulls":5},0]
["B5.22.","PC-ALT101","Horizontal ceilings suspended exceeding 1m and not exceeding 2m below timber purlins at 1.20m centres (trusses at 0.70m centres)","m2",1,{"v":327.57235000000003,"d":"327.57"},{"$f":"$E409*F409","v":{"v":327.57235000000003,"d":"327.57"}},null,{"$f":"$F409*H409","v":{"v":0,"d":"0.00"}}]
[{"$nulls":5},0]
["B5.23.","PC-ALT101","Ditto but below concrete slabs","m2",1,{"v":351.9306,"d":"351.93"},{"$f":"$E411*F411","v":{"v":351.9306,"d":"351.93"}},null,{"$f":"$F411*H411","v":{"v":0,"d":"0.00"}}]
[{"$nulls":5},0]
["B5.24.","PC-ALT101","Vertical ceilings suspended not exceeding 1m below timber purlins at 1.20m centres (trusses at 0.70m centres)","m2",1,{"v":351.9306,"d":"351.93"},{"$f":"$E413*F413","v":{"v":351.9306,"d":"351.93"}},null,{"$f":"$F413*H413","v":{"v":0,"d":"0.00"}}]
[{"$nulls":5},0]
["B5.25.","PC-ALT101","Ditto but below concrete slabs","m2",1,{"v":357.0735,"d":"357.07"},{"$f":"$E415*F415","v":{"v":357.0735,"d":"357.07"}},null,{"$f":"$F415*H415","v":{"v":0,"d":"0.00"}}]
[{"$nulls":5},0]
["B5.26.","PC-ALT101","Vertical ceilings suspended exceeding 1m and not exceeding 2m below timber purlins at 1.20m centres (trusses at 0.70m centres)","m2",1,{"v":322.1582,"d":"322.16"},{"$f":"$E417*F417","v":{"v":322.1582,"d":"322.16"}},null,{"$f":"$F417*H417","v":{"v":0,"d":"0.00"}}]
[{"$nulls":5},0]
["B5.27.","PC-ALT101","Ditto but below concrete slabs","m2",1,{"v":297.78909999999996,"d":"297.79"},{"$f":"$E419*F419","v":{"v":297.78909999999996,"d":"297.79"}},null,{"$f":"$F419*H419","v":{"v":0,"d":"0.00"}}]
[{"$nulls":5},0]
["B5.28.","PC-ALT101","Extra over ceilings for opening for 75-150mm diameter smoke detector","No",1,{"v":355.1856,"d":"355.19"},{"$f":"$E421*F421","v":{"v":355.1856,"d":"355.19"}},null,{"$f":"$F421*H421","v":{"v":0,"d":"0.00"}}]
[{"$nulls":5},0]
["B5.29.","PC-ALT101","Extra over ceilings for opening for 600 x 600mm mechanical diffuser","No",1,{"v":305.91575,"d":"305.92"},{"$f":"$E423*F423","v":{"v":305.91575,"d":"305.92"}},null,{"$f":"$F423*H423","v":{"v":0,"d":"0.00"}}]
[{"$nulls":5},0]
["B5.30.","PC-ALT101","Extra over ceilings for opening for 600 x 1 200m light fitting","No",1,{"v":360.05725,"d":"360.06"},{"$f":"$E425*F425","v":{"v":360.05725,"d":"360.06"}},null,{"$f":"$F425*H425","v":{"v":0,"d":"0.00"}}]
[{"$nulls":5},0]
[null,null,"Sundries",null,null,0]
[{"$nulls":5},0]
[null,null,"\"DonnCeil\" pre-painted cornices to suspended ceilings ",null,null,0]
[{"$nulls":5},0]
["B5.31.","PC-ALT101","47 x 35mm \"SM25\" shadow line wall angles, nailed","m",1,{"v":270.71835,"d":"270.72"},{"$f":"$E431*F431","v":{"v":270.71835,"d":"270.72"}},null,{"$f":"$F431*H431","v":{"v":0,"d":"0.00"}}]
[{"$nulls":5},0]
["B5.32.","PC-ALT101","Shadow line plaster trims for 12.5mm ceilings, nailed","m",1,{"v":270.71835,"d":"270.72"},{"$f":"$E433*F433","v":{"v":270.71835,"d":"270.72"}},null,{"$f":"$F433*H433","v":{"v":0,"d":"0.00"}}]
[{"$nulls":5},0]
["B5.33","PC-ALT101",null,"m",1,{"v":270.71835,"d":"270.72"},{"$f":"$E435*F435","v":270.71835},null,{"$f":"$F435*H435","v":{"v":0,"d":"0.00"}}]
[{"$nulls":5},0]
[null,null,"DRYWALL PARTITIONING, JOINERY AND PAINTWORK",null,null,0]
[{"$nulls":5},0]
["B5.33.","PC-ALT101","2 500mm High partition wall comprising of 12,5mm thick plasterboards on both sides of 63,5mm wide drywall Ultra stud system including top track screwed to suspended and bottom tracks to covered floor, studs, etc plastered with one coat rhinoclide on both sides including covering joints with tape and plastered","m",1,{"v":351.9306,"d":"351.93"},{"$f":"$E439*F439","v":{"v":351.9306,"d":"351.93"}},null,{"$f":"$F439*H439","v":{"v":0,"d":"0.00"}}]
[{"$nulls":5},0]
["B5.34.","PC-ALT101","Extra over partitioning for abutments joining or against the brick plastered walls or concrete or existing drywall","No",1,{"v":351.9306,"d":"351.93"},{"$f":"$E441*F441","v":{"v":351.9306,"d":"351.93"}},null,{"$f":"$F441*H441","v":{"v":0,"d":"0.00"}}]
[{"$nulls":5},0]
["B5.35.","PC-ALT101","3 000mm High partition wall comprising of 12,5mm thick plasterboards on both sides of 63,5mm wide drywall Ultra stud system including top track screwed to suspended and bottom tracks to covered floor, studs, etc plastered with one coat rhinoclide on both sides including covering joints with tape and plastered","m",1,{"v":297.78909999999996,"d":"297.79"},{"$f":"$E443*F443","v":{"v":297.78909999999996,"d":"297.79"}},null,{"$f":"$F443*H443","v":{"v":0,"d":"0.00"}}]
[{"$nulls":5},0]
["B5.36.","PC-ALT101","Extra over partitioning for abutments joining or against the brick plastered walls or concrete or existing drywall","No",1,{"v":297.78909999999996,"d":"297.79"},{"$f":"$E445*F445","v":{"v":297.78909999999996,"d":"297.79"}},null,{"$f":"$F445*H445","v":{"v":0,"d":"0.00"}}]
[{"$nulls":5},0]
["B5.37.","PC-ALT101","4 000mm High partition wall comprising of 12,5mm thick plasterboards on both sides of 63,5mm wide drywall Ultra stud system including top track screwed to suspended and bottom tracks to covered floor, studs, etc plastered with one coat rhinoclide on both sides including covering joints with tape and plastered","m",1,{"v":338.40065,"d":"338.40"},{"$f":"$E447*F447","v":{"v":338.40065,"d":"338.40"}},null,{"$f":"$F447*H447","v":{"v":0,"d":"0.00"}}]
[{"$nulls":5},0]
["B5.38.","PC-ALT101","Extra over partitioning for abutments joining or against the brick plastered walls or concrete or existing drywall","No",1,{"v":305.91575,"d":"305.92"},{"$f":"$E449*F449","v":{"v":305.91575,"d":"305.92"}},null,{"$f":"$F449*H449","v":{"v":0,"d":"0.00"}}]
[{"$nulls":5},0]
["B5.39.","PC-ALT101","5 000mm High partition wall comprising of 12,5mm thick plasterboards on both sides of 63,5mm wide drywall Ultra stud system including top track screwed to suspended and bottom tracks to covered floor, studs, etc plastered with one coat rhinoclide on both sides including covering joints with tape and plastered","m",1,{"v":270.71835,"d":"270.72"},{"$f":"$E451*F451","v":{"v":270.71835,"d":"270.72"}},null,{"$f":"$F451*H451","v":{"v":0,"d":"0.00"}}]
[{"$nulls":5},0]
["B5.40","PC-ALT101","Extra over partitioning for abutments joining or against the brick plastered walls or concrete or existing drywall","No",1,{"v":300.5016,"d":"300.50"},{"$f":"$E453*F453","v":{"v":300.5016,"d":"300.50"}},null,{"$f":"$F453*H453","v":{"v":0,"d":"0.00"}}]
[{"$nulls":5},0]
["B5.41.","PC-ALT101","Extra Over partitioning for standard side hung hollow core door, size 813 x 2 442mm high, consisting of aluminium frame suitable for the door (Colour: Charcoal) with aluminium framed side light size 560 x 2 442mm high glazed with 6,38mm thick safety glass to match existing, and door hung with hinges complete.(overall size 1 450 x 2 442 mm high opening)","No.",1,{"v":392.54215,"d":"392.54"},{"$f":"$E455*F455","v":{"v":392.54215,"d":"392.54"}},null,{"$f":"$F455*H455","v":{"v":0,"d":"0.00"}}]
[{"$nulls":5},0]
["B5.42.","PC-ALT101","Extra Over partitioning for standard side hung hollow core door, size 1 800 x 2 442mm high, consisting of aluminium frame suitable for the door (Colour: Charcoal) to match existing, and door hung with hinges complete.","No.",1,{"v":365.47139999999996,"d":"365.47"},{"$f":"$E457*F457","v":{"v":365.47139999999996,"d":"365.47"}},null,{"$f":"$F457*H457","v":{"v":0,"d":"0.00"}}]
[{"$nulls":5},0]
["B5.43.","PC-ALT101","Extra over partitioning for aluminium panels size approximately 1200x250mm high (Colour: Charcoal)","No",1,{"v":351.9306,"d":"351.93"},{"$f":"$E459*F459","v":{"v":351.9306,"d":"351.93"}},null,{"$f":"$F459*H459","v":{"v":0,"d":"0.00"}}]
[{"$nulls":5},0]
[null,null,"ATTIC STOCK (PROVISIONAL) ",null,null,0]
[{"$nulls":5},0]
[null,null,"Supply and hand over to the employer at completion of the  contract ceiling panels securely boxed and marked ",null,null,0]
[{"$nulls":5},0]
["B5.44.","PC-ALT102","1200 x 600mm White laid-in cellulose-fibre \"lay-in\" acoustic bevel edge ceiling tiles ","m2",10,{"v":316.74405,"d":"316.74"},{"$f":"$E465*F465","v":{"v":3167.4405,"d":"3,167.44"}},null,{"$f":"$F465*H465","v":{"v":0,"d":"0.00"}}]
[{"$nulls":5},0]
[{"$nulls":5},0]
[null,null,"Dayworks for work that is equal to or less than R2000.00",null,null,0]
[{"$nulls":5},0]
["B5.45.","PC-ALT102","Skilled labour","Hrs",1,{"v":97.46555,"d":"97.47"},{"$f":"$E470*F470","v":{"v":97.46555,"d":"97.47"}},null,{"$f":"$F470*H470","v":{"v":0,"d":"0.00"}}]
[{"$nulls":5},0]
["B5.46.","PC-ALT102","Semi-skilled labour","Hrs",1,{"v":71.0024,"d":"71.00"},{"$f":"$E472*F472","v":{"v":71.0024,"d":"71.00"}},null,{"$f":"$F472*H472","v":{"v":0,"d":"0.00"}}]
[{"$nulls":5},0]
["B5.47.","PC-ALT102","Unskilled labour","Hrs",1,{"v":33.27695,"d":"33.28"},{"$f":"$E474*F474","v":{"v":33.27695,"d":"33.28"}},null,{"$f":"$F474*H474","v":{"v":0,"d":"0.00"}}]
[]
[null,null,"Budgetary allowances"]
[]
["B5.48.","PC-ALT103","Allow for a budgetary amount of R200 000.00 (Two Hundred Thousand Rands Only) for above building works ","Sum",1,{"v":200000,"d":"200,000.00"},{"$f":"$E478*F478","v":{"v":200000,"d":"200,000.00"}},null,{"$f":"H478","v":{"v":0,"d":"0.00"}}]
[]
["B5.49.","PC-ALT103","Allow for profit and overheads on the above","%",{"v":0,"d":"0%"},{"v":0.12,"d":"12%"},{"$f":"F480*G478","v":{"v":24000,"d":"24,000.00"}},null,{"$f":"$F480*H480","v":{"v":0,"d":"0.00"}}]
[]
[]
[]
[null,null,"TOTAL FOR CEILINGS & PARTITIONS",{"$nulls":3},{"$f":"SUM(G333:G480)","v":{"v":242039.89355,"d":"242,039.89"}},null,{"$f":"SUM(I333:I480)","v":{"v":0,"d":"0.00"}}]
[]
[null,null,"BILL No. 6"]
[null,null,"FLOOR COVERINGS"]
[]
[null,null,"For Preambles, see \"Model Preambles for Trades (2008 Edition) and Supplementary Preambles as specified in the Trades."]
[]
[null,null,"Before submitting his tender the bidder shall visit the site and satisfy himself as to the nature and extent of the work to be done and the value of the materials contained in the buildings or portions of the buildings to be demolished.  No claim for any variations of the contract sum in respect of the nature and extent of the work or of inferior or damaged materials will be entertained"]
[]
[null,null,"Payment Clause:"]
[]
[null,null,"PC-ALT101: Any work which exceeds R2000.00 when valued using the Bill of Quantity task rates shall be paid as per the Bill of Quantity task rates. "]
[]
[null,null,"PC-ALT102 :Any work that does not exceed R2000.00 when valued using Bill of Quantity task rates shall be valued and paid as per daywork rates for labour and material costs shall be withdrawn from the budgetary allowances plus contractor's mark-up."]
[]
[null,null,"PC-ALT103: Any work that is not specified in any section of this Bill of Quantities shall be paid on agreed rates of the work of similar nature to what exists in this Bill of Quantities. Where there is not work of similar nature, the Service Provider shall submit the invoice for material and time sheet for labour indicating the duration for which the task was executed. The Service Provider shall be entitled to mark-up as indicated in this Bill of Quantities."]
[]
[null,null,"FLOOR COVERINGS "]
[]
[null,null,"500 x 500mm \"NEXUS\" or similar approved \"Base Line\" Nexbac Carpet Tiles \"Colour: Squash\" laid in to floors including all adhesives"]
[]
["B6.1.","PC-ALT101","To floors","m2",1,{"v":633.36875,"d":"633.37"},{"$f":"$E505*F505","v":{"v":633.36875,"d":"633.37"}},null,{"$f":"$F505*H505","v":{"v":0,"d":"0.00"}}]
[]
[null,null,"ATTIC STOCK (PROVISIONAL) "]
[]
[null,null,"Supply and hand over to the employer at completion of the  contract ceiling panels securely boxed and marked "]
[]
["B6.2.","PC-ALT102","500 x 500mm \"NEXUS\" or similar approved \"Base Line\" Nexbac Carpet Tiles \"Colour: Squash\" ","m2",10,{"v":496.496,"d":"496.50"},{"$f":"$E511*F511","v":{"v":4964.96,"d":"4,964.96"}},null,{"$f":"$F511*H511","v":{"v":0,"d":"0.00"}}]
[]
[null,null,"Dayworks for work that is equal to or less than R2000.00"]
[]
["B6.3.","PC-ALT102","Skilled labour","Hrs",1,{"v":97.46555,"d":"97.47"},{"$f":"$E515*F515","v":{"v":97.46555,"d":"97.47"}},null,{"$f":"$F515*H515","v":{"v":0,"d":"0.00"}}]
[]
["B6.4.","PC-ALT102","Semi-skilled labour","Hrs",1,{"v":71.0024,"d":"71.00"},{"$f":"$E517*F517","v":{"v":71.0024,"d":"71.00"}},null,{"$f":"$F517*H517","v":{"v":0,"d":"0.00"}}]
[]
["B6.5.","PC-ALT102","Unskilled labour","Hrs",1,{"v":33.27695,"d":"33.28"},{"$f":"$E519*F519","v":{"v":33.27695,"d":"33.28"}},null,{"$f":"$F519*H519","v":{"v":0,"d":"0.00"}}]
[]
[null,null,"Budgetary allowances"]
[]
["B6.7.","PC-ALT103","Allow for a budgetary amount of R100 000.00 (One Hundred Thousand Rands Only) for above building works ","Sum",1,{"v":100000,"d":"100,000.00"},{"$f":"$E523*F523","v":{"v":100000,"d":"100,000.00"}},null,{"$f":"H523","v":{"v":0,"d":"0.00"}}]
[]
["B6.8.","PC-ALT103","Allow for profit and overheads on the above","%",{"v":0,"d":"0%"},{"v":0.12,"d":"12%"},{"$f":"F525*G523","v":{"v":12000,"d":"12,000.00"}},null,{"$f":"$F525*H525","v":{"v":0,"d":"0.00"}}]
[]
[]
[]
[]
[null,null,"TOTAL FOR FLOOR COVERINGS",{"$nulls":3},{"$f":"SUM(G485:G529)","v":{"v":117800.07365,"d":"117,800.07"}},null,{"$f":"SUM(I485:I529)","v":{"v":0,"d":"0.00"}}]
[]
[null,null,"BILL No. 7"]
[null,null,"IRONMONGERY"]
[]
[null,null,"For Preambles, see \"Model Preambles for Trades (2008 Edition) and Supplementary Preambles as specified in the Trades."]
[]
[]
[null,null,"Before submitting his tender the bidder shall visit the site and satisfy himself as to the nature and extent of the work to be done and the value of the materials contained in the buildings or portions of the buildings to be demolished.  No claim for any variations of the contract sum in respect of the nature and extent of the work or of inferior or damaged materials will be entertained"]
[]
[null,null,"Payment Clause:"]
[]
[null,null,"PC-ALT101: Any work which exceeds R2000.00 when valued using the Bill of Quantity task rates shall be paid as per the Bill of Quantity task rates. "]
[]
[null,null,"PC-ALT102 :Any work that does not exceed R2000.00 when valued using Bill of Quantity task rates shall be valued and paid as per daywork rates for labour and material costs shall be withdrawn from the budgetary allowances plus contractor's mark-up."]
[]
[null,null,"PC-ALT103: Any work that is not specified in any section of this Bill of Quantities shall be paid on agreed rates of the work of similar nature to what exists in this Bill of Quantities. Where there is not work of similar nature, the Service Provider shall submit the invoice for material and time sheet for labour indicating the duration for which the task was executed. The Service Provider shall be entitled to mark-up as indicated in this Bill of Quantities."]
[]
[null,null,"\"ASSA ABLOY\""]
[]
["B7.1.","PC-ALT101","\"ASSA ABLOY\" stainless steel off-set pull door handles on rose with escutcheons.","No",1,{"v":277.86850000000004,"d":"277.87"},{"$f":"$E550*F550","v":{"v":277.86850000000004,"d":"277.87"}},null,{"$f":"$F550*H550","v":{"v":0,"d":"0.00"}}]
[{"$nulls":5},0]
["B7.2.","PC-ALT101","\"ASSA ABLOY\" stainless steel lock set on rose.","No",1,{"v":309.8326,"d":"309.83"},{"$f":"$E552*F552","v":{"v":309.8326,"d":"309.83"}},null,{"$f":"$F552*H552","v":{"v":0,"d":"0.00"}}]
[{"$nulls":5},0]
["B7.3.","PC-ALT101","\"ASSA ABLOY\" double cylinder lock.","No",1,{"v":214.75405,"d":"214.75"},{"$f":"$E554*F554","v":{"v":214.75405,"d":"214.75"}},null,{"$f":"$F554*H554","v":{"v":0,"d":"0.00"}}]
[{"$nulls":5},0]
["B7.4.","PC-ALT101","\"ASSA ABLOY\" stainless steel door stop floor mounted type.","No",1,{"v":309.8326,"d":"309.83"},{"$f":"$E556*F556","v":{"v":309.8326,"d":"309.83"}},null,{"$f":"$F556*H556","v":{"v":0,"d":"0.00"}}]
[{"$nulls":5},0]
["B7.5.","PC-ALT101"," Ably lock type \"AT03 all as per ironmongery schedule( 88 FF-D, 89 FF-D, 94 FF-D, 92 GF-D, 101 GF-D, 102 GF-D, Blank)","No",7,{"v":587.9831999999999,"d":"587.98"},{"$f":"$E558*F558","v":{"v":4115.8823999999995,"d":"4,115.88"}},null,{"$f":"$F558*H558","v":{"v":0,"d":"0.00"}}]
[{"$nulls":5},0]
["B7.6.","PC-ALT101","Ably lock type \"AT06 all as per ironmongery schedule( 103 GF-D)","No",1,{"v":501.02045,"d":"501.02"},{"$f":"$E560*F560","v":{"v":501.02045,"d":"501.02"}},null,{"$f":"$F560*H560","v":{"v":0,"d":"0.00"}}]
[{"$nulls":5},0]
["B7.7.","PC-ALT101","Ably lock type \"AT03) all as per ironmongery schedule( 100 GF-D)","No",1,{"v":982.7496,"d":"982.75"},{"$f":"$E562*F562","v":{"v":982.7496,"d":"982.75"}},null,{"$f":"$F562*H562","v":{"v":0,"d":"0.00"}}]
[{"$nulls":5},0]
["B7.8.","PC-ALT101","Ably lock type \"AT10) all as per ironmongery schedule( 97 GF-D, 106 GF-D, 107 GF-D, 108 GF-D, 109 GF-D, 110 GF-D, 111 GF-D, 112 GF-D)","No",8,{"v":1281.93835,"d":"1,281.94"},{"$f":"$E564*F564","v":{"v":10255.5068,"d":"10,255.51"}},null,{"$f":"$F564*H564","v":{"v":0,"d":"0.00"}}]
[{"$nulls":5},0]
["B7.9.","PC-ALT101","Ably lock type \"AT11) all as per ironmongery schedule(105 GF-D)","No",1,{"v":416.957905,"d":"416.96"},{"v":0,"d":"0.00"},null,{"$f":"$F566*H566","v":{"v":0,"d":"0.00"}}]
[{"$nulls":5},0]
["B7.10.","PC-ALT101","Ably lock type \"AT13) all as per ironmongery schedule(99 GF-D)","No",1,{"v":772.121805,"d":"772.12"},{"v":0,"d":"0.00"},null,{"$f":"$F568*H568","v":{"v":0,"d":"0.00"}}]
[{"$nulls":5},0]
["B7.11.","PC-ALT101"," Ably lock type \"AT11) all as per ironmongery schedule(98 GF-D)","No",1,{"v":397.3487,"d":"397.35"},{"v":0,"d":"0.00"},null,{"$f":"$F570*H570","v":{"v":0,"d":"0.00"}}]
[{"$nulls":5},0]
["B7.12.","PC-ALT101","Ably lock type \"AT03) all as per ironmongery schedule(56 B-D)","No",1,{"v":838.0106,"d":"838.01"},{"v":0,"d":"0.00"},null,{"$f":"$F572*H572","v":{"v":0,"d":"0.00"}}]
[{"$nulls":5},0]
["B7.13.","PC-ALT101","Ably lock type \"AT07) all as per ironmongery schedule(94 GF-D, 96 GF-D)","No",2,{"v":919.2554,"d":"919.26"},{"v":0,"d":"0.00"},null,{"$f":"$F574*H574","v":{"v":0,"d":"0.00"}}]
[{"$nulls":5},0]
["B7.14.","PC-ALT101","Ably lock type \"AT03) all as per ironmongery schedule(6 LB-D)","No",1,{"v":430.06145,"d":"430.06"},{"v":0,"d":"0.00"},null,{"$f":"$F576*H576","v":{"v":0,"d":"0.00"}}]
[{"$nulls":5},0]
["B7.15.","PC-ALT101","Ably lock type \"AT06) all as per ironmongery schedule( 151 GF-D)","No",1,{"v":609.5638499999999,"d":"609.56"},{"v":0,"d":"0.00"},null,{"$f":"$F578*H578","v":{"v":0,"d":"0.00"}}]
[{"$nulls":5},0]
["B7.16.","PC-ALT101","Ably lock type \"AT13) all as per ironmongery schedule(1 LB-D)","No",1,{"v":338.2379,"d":"338.24"},{"v":0,"d":"0.00"},null,{"$f":"$F580*H580","v":{"v":0,"d":"0.00"}}]
[{"$nulls":5},0]
["B7.17.","PC-ALT101","Ably lock type \"AT06) all as per ironmongery schedule(91 GF-D)","No",1,{"v":430.06145,"d":"430.06"},{"v":0,"d":"0.00"},null,{"$f":"$F582*H582","v":{"v":0,"d":"0.00"}}]
[{"$nulls":5},0]
["B7.18.","PC-ALT101","Ably lock type \"AT08) all as per ironmongery schedule(76 GF-D, 32 GF-D)","No",2,{"v":609.5638499999999,"d":"609.56"},{"v":0,"d":"0.00"},null,{"$f":"$F584*H584","v":{"v":0,"d":"0.00"}}]
[{"$nulls":5},0]
["B7.19.","PC-ALT101","\"ASSA ABLOY\" padlock.","No",1,{"v":155.0465,"d":"155.05"},{"v":0,"d":"0.00"},null,{"$f":"$F586*H586","v":{"v":0,"d":"0.00"}}]
[{"$nulls":5},0]
[null,null,"Dayworks for work that is equal to or less than R2000.00",null,null,0]
[{"$nulls":5},0]
["B7.20.","PC-ALT102","Skilled labour","Hrs",1,{"v":97.24855,"d":"97.25"},{"$f":"$E590*F590","v":{"v":97.24855,"d":"97.25"}},null,{"$f":"$F590*H590","v":{"v":0,"d":"0.00"}}]
[{"$nulls":5},0]
["B7.21.","PC-ALT103","Semi-skilled labour","Hrs",1,{"v":71.0024,"d":"71.00"},{"$f":"$E592*F592","v":{"v":71.0024,"d":"71.00"}},null,{"$f":"$F592*H592","v":{"v":0,"d":"0.00"}}]
[{"$nulls":5},0]
["B7.22.","PC-ALT102","Unskilled labour","Hrs",1,{"v":33.27695,"d":"33.28"},{"$f":"$E594*F594","v":{"v":33.27695,"d":"33.28"}},null,{"$f":"$F594*H594","v":{"v":0,"d":"0.00"}}]
[]
[null,null,"Budgetary allowances"]
[]
["B7.23.","PC-ALT103","Allow for a budgetary amount of R20 000.00 (Twenty Thousand Rands Only) for above building works ","Sum",1,{"v":20000,"d":"20,000.00"},{"$f":"$E598*F598","v":{"v":20000,"d":"20,000.00"}},null,{"$f":"H598","v":{"v":0,"d":"0.00"}}]
[]
[]
[]
["B7.24.","PC-ALT103","Allow for profit and overheads on the above","%",null,{"v":0.12,"d":"12%"},{"$f":"F602*G598","v":{"v":2400,"d":"2,400.00"}},null,{"$f":"SUM(I600:I601)*F602","v":{"v":0,"d":"0.00"}}]
[]
[]
[]
[]
[]
[null,null,"TOTAL FOR IRONMONGERY",{"$nulls":3},{"$f":"SUM(G531:G607)","v":{"v":39568.9749,"d":"39,568.97"}},null,{"$f":"SUM(I531:I607)","v":{"v":0,"d":"0.00"}}]
[]
[null,null,"BILL No. 8"]
[null,null,"METALWORKS"]
[]
[null,null,"For Preambles, see \"Model Preambles for Trades (2008 Edition) and Supplementary Preambles as specified in the Trades."]
[]
[null,null,"Before submitting his tender the bidder shall visit the site and satisfy himself as to the nature and extent of the work to be done and the value of the materials contained in the buildings or portions of the buildings to be demolished.  No claim for any variations of the contract sum in respect of the nature and extent of the work or of inferior or damaged materials will be entertained"]
[]
[null,null,"Payment Clause:"]
[]
[null,null,"PC-ALT101: Any work which exceeds R2000.00 when valued using the Bill of Quantity task rates shall be paid as per the Bill of Quantity task rates. "]
[]
[null,null,"PC-ALT102 :Any work that does not exceed R2000.00 when valued using Bill of Quantity task rates shall be valued and paid as per daywork rates for labour and material costs shall be withdrawn from the budgetary allowances plus contractor's mark-up."]
[]
[null,null,"PC-ALT103: Any work that is not specified in any section of this Bill of Quantities shall be paid on agreed rates of the work of similar nature to what exists in this Bill of Quantities. Where there is not work of similar nature, the Service Provider shall submit the invoice for material and time sheet for labour indicating the duration for which the task was executed. The Service Provider shall be entitled to mark-up as indicated in this Bill of Quantities."]
[]
[null,null,"Dayworks for work that is equal to or less than R2000.00"]
[]
["B8.1.","PC-ALT102","Skilled labour","Hrs",1,{"v":97.46555,"d":"97.47"},{"$f":"$E627*F627","v":{"v":97.46555,"d":"97.47"}},null,{"$f":"$F627*H627","v":{"v":0,"d":"0.00"}}]
[]
["B8.2.","PC-ALT102","Semi-skilled labour","Hrs",1,{"v":71.0024,"d":"71.00"},{"$f":"$E629*F629","v":{"v":71.0024,"d":"71.00"}},null,{"$f":"$F629*H629","v":{"v":0,"d":"0.00"}}]
[]
["B8.3.","PC-ALT102","Unskilled labour","Hrs",1,{"v":33.27695,"d":"33.28"},{"$f":"$E631*F631","v":{"v":33.27695,"d":"33.28"}},null,{"$f":"$F631*H631","v":{"v":0,"d":"0.00"}}]
[]
[null,null,"Budgetary allowances"]
[]
["B8.4.","PC-ALT103","Allow for a budgetary amount of R50 000.00 (Fifty Thousand Rands Only) for above building works ","Sum",1,{"v":50000,"d":"50,000.00"},{"$f":"$E635*F635","v":{"v":50000,"d":"50,000.00"}},null,{"$f":"H635","v":{"v":0,"d":"0.00"}}]
[]
["B8.5.","PC-ALT103","Allow for profit and overheads on the above","%",{"v":0,"d":"0%"},{"v":0.12,"d":"12%"},{"$f":"F637*G635","v":{"v":6000,"d":"6,000.00"}},null,{"$f":"$F637*H637","v":{"v":0,"d":"0.00"}}]
[]
[]
[]
[null,null,"Add mark-up on the above",{"$nulls":5},{"$f":"SUM(I639:I640)*0.12","v":{"v":0,"d":"0.00"}}]
[]
[]
[null,null,"TOTAL FOR METALWORK",{"$nulls":3},{"$f":"SUM(G609:G643)","v":{"v":56201.7449,"d":"56,201.74"}},null,{"$f":"SUM(I609:I643)","v":{"v":0,"d":"0.00"}}]
[]
[null,null,"BILL No. 9"]
[null,null,"PLASTERING"]
[]
[null,null,"For Preambles, see \"Model Preambles for Trades (2008 Edition) and Supplementary Preambles as specified in the Trades."]
[]
[null,null,"Before submitting his tender the bidder shall visit the site and satisfy himself as to the nature and extent of the work to be done and the value of the materials contained in the buildings or portions of the buildings to be demolished.  No claim for any variations of the contract sum in respect of the nature and extent of the work or of inferior or damaged materials will be entertained"]
[]
[null,null,"Payment Clause:"]
[]
[null,null,"PC-ALT101: Any work which exceeds R2000.00 when valued using the Bill of Quantity task rates shall be paid as per the Bill of Quantity task rates. "]
[]
[null,null,"PC-ALT102 :Any work that does not exceed R2000.00 when valued using Bill of Quantity task rates shall be valued and paid as per daywork rates for labour and material costs shall be withdrawn from the budgetary allowances plus contractor's mark-up."]
[]
[null,null,"PC-ALT103: Any work that is not specified in any section of this Bill of Quantities shall be paid on agreed rates of the work of similar nature to what exists in this Bill of Quantities. Where there is not work of similar nature, the Service Provider shall submit the invoice for material and time sheet for labour indicating the duration for which the task was executed. The Service Provider shall be entitled to mark-up as indicated in this Bill of Quantities."]
[]
[null,null,"SCREEDS, ETC"]
[]
[null,null,"4mm Thick a.b.e Self-levelling screed including closing and stopping all cracks with epidemix crack filler, and joints where new and old floors meet, etc"]
[]
["B9.1.","PC-ALT101","On floors","m2",1,{"v":173.02495,"d":"173.02"},{"$f":"$E665*F665","v":{"v":173.02495,"d":"173.02"}},null,{"$f":"$F665*H665","v":{"v":0,"d":"0.00"}}]
[]
[null,null,"Screeds wood floated on concrete "]
[]
["B9.2.","PC-ALT101","On floors","m2",1,{"v":173.02495,"d":"173.02"},{"$f":"$E669*F669","v":{"v":173.02495,"d":"173.02"}},null,{"$f":"$F669*H669","v":{"v":0,"d":"0.00"}}]
[]
[null,null,"INTERNAL PLASTER "]
[]
[null,null,"Cement plaster class II on masonry to receive tiles"]
[]
["B9.3.","PC-ALT101","Walls","m2",1,{"v":88.1454,"d":"88.15"},{"$f":"$E675*F675","v":{"v":88.1454,"d":"88.15"}},null,{"$f":"$F675*H675","v":{"v":0,"d":"0.00"}}]
[]
["B9.4.","PC-ALT101","Walls in patches","m2",1,{"v":93.0496,"d":"93.05"},{"$f":"$E677*F677","v":{"v":93.0496,"d":"93.05"}},null,{"$f":"$F677*H677","v":{"v":0,"d":"0.00"}}]
[{"$nulls":5},0]
["B9.5.","PC-ALT101","Narrow widths","m2",1,{"v":88.1454,"d":"88.15"},{"$f":"$E679*F679","v":{"v":88.1454,"d":"88.15"}},null,{"$f":"$F679*H679","v":{"v":0,"d":"0.00"}}]
[{"$nulls":5},0]
[null,null,"Two coats Cement plaster class II with gypsum rhinolite finish on masonry to receive paint",null,null,0]
[{"$nulls":5},0]
["B9.6.","PC-ALT101","Walls","m2",1,{"v":128.9631,"d":"128.96"},{"$f":"$E683*F683","v":{"v":128.9631,"d":"128.96"}},null,{"$f":"$F683*H683","v":{"v":0,"d":"0.00"}}]
[{"$nulls":5},0]
["B9.7.","PC-ALT101","Walls in patches","m2",1,{"v":135.4948,"d":"135.49"},{"$f":"$E685*F685","v":{"v":135.4948,"d":"135.49"}},null,{"$f":"$F685*H685","v":{"v":0,"d":"0.00"}}]
[{"$nulls":5},0]
["B9.8.","PC-ALT101","Narrow widths","m2",1,{"v":128.9631,"d":"128.96"},{"$f":"$E687*F687","v":{"v":128.9631,"d":"128.96"}},null,{"$f":"$F687*H687","v":{"v":0,"d":"0.00"}}]
[{"$nulls":5},0]
[null,null,"EXTERNAL PLASTER ",null,null,0]
[{"$nulls":5},0]
[null,null,"Cement plaster class II on masonry with wood float finish to receive paint",null,null,0]
[{"$nulls":5},0]
["B9.9.","PC-ALT101","Walls","m2",1,{"v":96.30460000000001,"d":"96.30"},{"$f":"$E693*F693","v":{"v":96.30460000000001,"d":"96.30"}},null,{"$f":"$F693*H693","v":{"v":0,"d":"0.00"}}]
[{"$nulls":5},0]
["B9.10.","PC-ALT101","Walls in patches","m2",1,{"v":102.8363,"d":"102.84"},{"$f":"$E695*F695","v":{"v":102.8363,"d":"102.84"}},null,{"$f":"$F695*H695","v":{"v":0,"d":"0.00"}}]
[{"$nulls":5},0]
["B9.11.","PC-ALT101","Narrow widths","m2",1,{"v":96.30460000000001,"d":"96.30"},{"$f":"$E697*F697","v":{"v":96.30460000000001,"d":"96.30"}},null,{"$f":"$F697*H697","v":{"v":0,"d":"0.00"}}]
[{"$nulls":5},0]
[null,null,"Dayworks for work that is equal to or less than R2000.00",null,null,0]
[{"$nulls":5},0]
["B9.12.","PC-ALT102","Skilled labour","Hrs",1,{"v":97.46555,"d":"97.47"},{"$f":"$E701*F701","v":{"v":97.46555,"d":"97.47"}},null,{"$f":"$F701*H701","v":{"v":0,"d":"0.00"}}]
[{"$nulls":5},0]
["B9.13.","PC-ALT102","Semi-skilled labour","Hrs",1,{"v":71.0024,"d":"71.00"},{"$f":"$E703*F703","v":{"v":71.0024,"d":"71.00"}},null,{"$f":"$F703*H703","v":{"v":0,"d":"0.00"}}]
[{"$nulls":5},0]
["B9.14.","PC-ALT102","Unskilled labour","Hrs",1,{"v":33.27695,"d":"33.28"},{"$f":"$E705*F705","v":{"v":33.27695,"d":"33.28"}},null,{"$f":"$F705*H705","v":{"v":0,"d":"0.00"}}]
[]
[null,null,"Budgetary allowances"]
[]
["B9.15.","PC-ALT103","Allow for a budgetary amount of R50 000.00 (Fifty Thousand Rands Only) for above building works ","Sum",1,{"v":50000,"d":"50,000.00"},{"$f":"$E709*F709","v":{"v":50000,"d":"50,000.00"}},null,{"$f":"H709","v":{"v":0,"d":"0.00"}}]
[]
["B9.16.","PC-ALT103","Allow for profit and overheads on the above","%",{"v":0,"d":"0%"},{"v":0.12,"d":"12%"},{"$f":"F711*G709","v":{"v":6000,"d":"6,000.00"}},null,{"$f":"$F711*H711","v":{"v":0,"d":"0.00"}}]
[]
[]
[null,null,"Add 12% mark-up on the above",{"$nulls":5},{"v":0,"d":"0.00"}]
[]
[]
[]
[null,null,"TOTAL FOR PLASTERING",{"$nulls":3},{"$f":"SUM(G658:G717)","v":{"v":57506.0017,"d":"57,506.00"}},null,{"$f":"SUM(I658:I717)","v":{"v":0,"d":"0.00"}}]
[]
[null,null,"BILL No. 10"]
[null,null,"TILING"]
[]
[null,null,"For Preambles, see \"Model Preambles for Trades (2008 Edition) and Supplementary Preambles as specified in the Trades."]
[]
[null,null,"Before submitting his tender the bidder shall visit the site and satisfy himself as to the nature and extent of the work to be done and the value of the materials contained in the buildings or portions of the buildings to be demolished.  No claim for any variations of the contract sum in respect of the nature and extent of the work or of inferior or damaged materials will be entertained"]
[]
[null,null,"Payment Clause:"]
[]
[null,null,"PC-ALT101: Any work which exceeds R2000.00 when valued using the Bill of Quantity task rates shall be paid as per the Bill of Quantity task rates. "]
[]
[null,null,"PC-ALT102 :Any work that does not exceed R2000.00 when valued using Bill of Quantity task rates shall be valued and paid as per daywork rates for labour and material costs shall be withdrawn from the budgetary allowances plus contractor's mark-up."]
[]
[null,null,"PC-ALT103: Any work that is not specified in any section of this Bill of Quantities shall be paid on agreed rates of the work of similar nature to what exists in this Bill of Quantities. Where there is not work of similar nature, the Service Provider shall submit the invoice for material and time sheet for labour indicating the duration for which the task was executed. The Service Provider shall be entitled to mark-up as indicated in this Bill of Quantities."]
[]
[null,null,"WALL TILES"]
[]
[null,null,"\"CERAGRAN (PTY)LTD\" or SIMILAR APPROVED"]
[]
[null,null,"Natural sand stone cladding (C1871 AK)"]
[]
["B10.1.",null,"Walls","m2",1,577.22,{"$f":"$E741*F741","v":577.22},null,{"$f":"$F741*H741","v":{"v":0,"d":"0.00"}}]
[{"$nulls":5},0]
["B10.2.",null,"Narrow widths","m2",1,{"v":326.4765,"d":"326.48"},{"$f":"$E743*F743","v":{"v":326.4765,"d":"326.48"}},null,{"$f":"$F743*H743","v":{"v":0,"d":"0.00"}}]
[{"$nulls":5},0]
[null,null,"FLOOR TILES",null,null,0]
[{"$nulls":5},0]
[null,null,"\"CERAGRAN (PTY)LTD\" or SIMILAR APPROVED",null,null,0]
[{"$nulls":5},0]
[null,null,"600 x 600mm Premium glazed porcelain TRACE BLACK floor tile (C1659 AK) including all adhesives, laid to screeded floors with joints grouted with light grey TAL grout to",null,null,0]
[{"$nulls":5},0]
["B10.3.",null,"Floors and landings","m2",1,{"v":577.96865,"d":"577.97"},{"$f":"$E751*F751","v":{"v":577.96865,"d":"577.97"}},null,{"$f":"$F751*H751","v":{"v":0,"d":"0.00"}}]
[{"$nulls":5},0]
["B10.4.",null,"Treads and risers","m2",1,{"v":412.9944,"d":"412.99"},{"$f":"$E753*F753","v":{"v":412.9944,"d":"412.99"}},null,{"$f":"$F753*H753","v":{"v":0,"d":"0.00"}}]
[{"$nulls":5},0]
["B10.5.",null,"100-150mm skirting","m",1,{"v":45.700199999999995,"d":"45.70"},{"$f":"$E755*F755","v":{"v":45.700199999999995,"d":"45.70"}},null,{"$f":"$F755*H755","v":{"v":0,"d":"0.00"}}]
[{"$nulls":5},0]
["B10.6.",null,"100-150mm stepped skirting","m",1,{"v":63.6678,"d":"63.67"},{"$f":"$E757*F757","v":{"v":63.6678,"d":"63.67"}},null,{"$f":"$F757*H757","v":{"v":0,"d":"0.00"}}]
[{"$nulls":5},0]
[null,null,"600 x 600mm Premium glazed porcelain DAUGRESS BEIGE floor tile (C1656 AK) including all adhesives, laid to screeded floors with joints grouted with light grey TAL grout to",null,null,0]
[{"$nulls":5},0]
["B10.7.",null,"Floors and landings","m2",1,{"v":577.96865,"d":"577.97"},{"$f":"$E761*F761","v":{"v":577.96865,"d":"577.97"}},null,{"$f":"$F761*H761","v":{"v":0,"d":"0.00"}}]
[{"$nulls":5},0]
["B10.8.",null,"Treads and risers","m2",1,{"v":412.9944,"d":"412.99"},{"$f":"$E763*F763","v":{"v":412.9944,"d":"412.99"}},null,{"$f":"$F763*H763","v":{"v":0,"d":"0.00"}}]
[{"$nulls":5},0]
["B10.9.",null,"100-150mm skirting","m",1,{"v":45.700199999999995,"d":"45.70"},{"$f":"$E765*F765","v":{"v":45.700199999999995,"d":"45.70"}},null,{"$f":"$F765*H765","v":{"v":0,"d":"0.00"}}]
[{"$nulls":5},0]
["B10.10.",null,"100-150mm stepped skirting","m",1,{"v":63.6678,"d":"63.67"},{"$f":"$E767*F767","v":{"v":63.6678,"d":"63.67"}},null,{"$f":"$F767*H767","v":{"v":0,"d":"0.00"}}]
[{"$nulls":5},0]
[null,null,"300 x 600mm Premium glazed porcelain BEIGE floor tile (C1675 AK) including all adhesives, laid to screeded floors with joints grouted with light grey TAL grout to",null,null,0]
[{"$nulls":5},0]
["B10.11.",null,"Floors and landings","m2",1,{"v":577.96865,"d":"577.97"},{"$f":"$E771*F771","v":{"v":577.96865,"d":"577.97"}},null,{"$f":"$F771*H771","v":{"v":0,"d":"0.00"}}]
[{"$nulls":5},0]
["B10.12.",null,"Treads and risers","m2",1,{"v":412.9944,"d":"412.99"},{"$f":"$E773*F773","v":{"v":412.9944,"d":"412.99"}},null,{"$f":"$F773*H773","v":{"v":0,"d":"0.00"}}]
[{"$nulls":5},0]
["B10.13.",null,"100-150mm skirting","m",1,{"v":45.700199999999995,"d":"45.70"},{"$f":"$E775*F775","v":{"v":45.700199999999995,"d":"45.70"}},null,{"$f":"$F775*H775","v":{"v":0,"d":"0.00"}}]
[{"$nulls":5},0]
["B10.14.",null,"100-150mm stepped skirting","m",1,{"v":63.6678,"d":"63.67"},{"$f":"$E777*F777","v":{"v":63.6678,"d":"63.67"}},null,{"$f":"$F777*H777","v":{"v":0,"d":"0.00"}}]
[{"$nulls":5},0]
[null,null,"300 x 600mm Premium glazed porcelain CANELLA floor tile (C1675 AK) including all adhesives, laid to screeded floors with joints grouted with light grey TAL grout to",null,null,0]
[{"$nulls":5},0]
["B10.15.",null,"Floors and landings","m2",1,{"v":577.96865,"d":"577.97"},{"$f":"$E781*F781","v":{"v":577.96865,"d":"577.97"}},null,{"$f":"$F781*H781","v":{"v":0,"d":"0.00"}}]
[{"$nulls":5},0]
["B10.16.",null,"Treads and risers","m2",1,{"v":412.9944,"d":"412.99"},{"$f":"$E783*F783","v":{"v":412.9944,"d":"412.99"}},null,{"$f":"$F783*H783","v":{"v":0,"d":"0.00"}}]
[{"$nulls":5},0]
["B10.17.",null,"100-150mm skirting","m",1,{"v":45.700199999999995,"d":"45.70"},{"$f":"$E785*F785","v":{"v":45.700199999999995,"d":"45.70"}},null,{"$f":"$F785*H785","v":{"v":0,"d":"0.00"}}]
[{"$nulls":5},0]
["B10.18.",null,"100-150mm stepped skirting","m",1,{"v":63.6678,"d":"63.67"},{"$f":"$E787*F787","v":{"v":63.6678,"d":"63.67"}},null,{"$f":"$F787*H787","v":{"v":0,"d":"0.00"}}]
[{"$nulls":5},0]
[null,null,"300 x 600mm Premium glazed porcelain CACAO floor tile (C1675 AK) including all adhesives, laid to screeded floors with joints grouted with light grey TAL grout to",null,null,0]
[{"$nulls":5},0]
["B10.19.",null,"Floors and landings","m2",1,{"v":577.96865,"d":"577.97"},{"$f":"$E791*F791","v":{"v":577.96865,"d":"577.97"}},null,{"$f":"$F791*H791","v":{"v":0,"d":"0.00"}}]
[{"$nulls":5},0]
["B10.20.",null,"Treads and risers","m2",1,{"v":412.9944,"d":"412.99"},{"$f":"$E793*F793","v":{"v":412.9944,"d":"412.99"}},null,{"$f":"$F793*H793","v":{"v":0,"d":"0.00"}}]
[{"$nulls":5},0]
["B10.21.",null,"100-150mm skirting","m",1,{"v":45.700199999999995,"d":"45.70"},{"$f":"$E795*F795","v":{"v":45.700199999999995,"d":"45.70"}},null,{"$f":"$F795*H795","v":{"v":0,"d":"0.00"}}]
[{"$nulls":5},0]
["B10.22.",null,"100-150mm stepped skirting","m",1,{"v":63.6678,"d":"63.67"},{"$f":"$E797*F797","v":{"v":63.6678,"d":"63.67"}},null,{"$f":"$F797*H797","v":{"v":0,"d":"0.00"}}]
[{"$nulls":5},0]
[null,null,"300 x 300mm Mosaico design mosaic floor tile (C1873 AK) including all adhesives, laid to screeded floors with joints grouted with light grey TAL grout to",null,null,0]
[{"$nulls":5},0]
["B10.23.",null,"Floors and landings","m2",1,{"v":577.96865,"d":"577.97"},{"$f":"$E801*F801","v":{"v":577.96865,"d":"577.97"}},null,{"$f":"$F801*H801","v":{"v":0,"d":"0.00"}}]
[{"$nulls":5},0]
["B10.24.",null,"Treads and risers","m2",1,{"v":412.9944,"d":"412.99"},{"$f":"$E803*F803","v":{"v":412.9944,"d":"412.99"}},null,{"$f":"$F803*H803","v":{"v":0,"d":"0.00"}}]
[{"$nulls":5},0]
["B10.25.",null,"100-150mm skirting","m",1,{"v":45.700199999999995,"d":"45.70"},{"$f":"$E805*F805","v":{"v":45.700199999999995,"d":"45.70"}},null,{"$f":"$F805*H805","v":{"v":0,"d":"0.00"}}]
[{"$nulls":5},0]
["B10.26.",null,"100-150mm stepped skirting","m",1,{"v":63.6678,"d":"63.67"},{"$f":"$E807*F807","v":{"v":63.6678,"d":"63.67"}},null,{"$f":"$F807*H807","v":{"v":0,"d":"0.00"}}]
[{"$nulls":5},0]
[null,null,"Sundries",null,null,0]
[{"$nulls":5},0]
["B10.27.",null,"\"M-Trim\" or Similar approved 45mm retro fit aluminium nosing (APRN 450)","m",1,0,{"$f":"$E811*F811","v":{"v":0,"d":"0.00"}},null,{"$f":"$F811*H811","v":{"v":0,"d":"0.00"}}]
[{"$nulls":5},0]
["B10.28.",null,"\"M-Trim\" or Similar approved 10mm round aluminium edge trim(ARE 100 N)","m",1,0,{"$f":"$E813*F813","v":{"v":0,"d":"0.00"}},null,{"$f":"$F813*H813","v":{"v":0,"d":"0.00"}}]
[{"$nulls":5},0]
[null,null,"ATTIC STOCK (PROVISIONAL) ",null,null,0]
[{"$nulls":5},0]
[null,null,"Supply and hand over to the employer at completion of the  contract ceiling panels securely boxed and marked ",null,null,0]
[{"$nulls":5},0]
["B10.29.","PC-ALT102","600 x 600mm Premium glazed porcelain TRACE BLACK floor tile (C1659 AK) ","m2",10,{"v":524.49985,"d":"524.50"},{"$f":"$E819*F819","v":{"v":5244.998500000001,"d":"5,245.00"}},null,{"$f":"$F819*H819","v":{"v":0,"d":"0.00"}}]
[{"$nulls":5},0]
["B10.30.","PC-ALT102","600 x 600mm Premium glazed porcelain DAUGRESS BEIGE floor tile (C1656 AK) ","m2",10,{"v":524.49985,"d":"524.50"},{"$f":"$E821*F821","v":{"v":5244.998500000001,"d":"5,245.00"}},null,{"$f":"$F821*H821","v":{"v":0,"d":"0.00"}}]
[{"$nulls":5},0]
["B10.31.","PC-ALT102","300 x 600mm Premium glazed porcelain BEIGE floor tile (C1675 AK)","m2",10,{"v":524.49985,"d":"524.50"},{"$f":"$E823*F823","v":{"v":5244.998500000001,"d":"5,245.00"}},null,{"$f":"$F823*H823","v":{"v":0,"d":"0.00"}}]
[{"$nulls":5},0]
["B10.32.","PC-ALT102","300 x 600mm Premium glazed porcelain CANELLA floor tile (C1675 AK)","m2",10,{"v":524.49985,"d":"524.50"},{"$f":"$E825*F825","v":{"v":5244.998500000001,"d":"5,245.00"}},null,{"$f":"$F825*H825","v":{"v":0,"d":"0.00"}}]
[{"$nulls":5},0]
["B10.33.","PC-ALT102","300 x 600mm Premium glazed porcelain CACAO floor tile (C1675 AK) ","m2",10,{"v":524.49985,"d":"524.50"},{"$f":"$E827*F827","v":{"v":5244.998500000001,"d":"5,245.00"}},null,{"$f":"$F827*H827","v":{"v":0,"d":"0.00"}}]
[{"$nulls":5},0]
[null,null,"Dayworks for work that is equal to or less than R2000.00",null,null,0]
[{"$nulls":5},0]
["B10.34.","PC-ALT102","Skilled labour","Hrs",1,{"v":97.46555,"d":"97.47"},{"$f":"$E831*F831","v":{"v":97.46555,"d":"97.47"}},null,{"$f":"$F831*H831","v":{"v":0,"d":"0.00"}}]
[{"$nulls":5},0]
["B10.35.","PC-ALT102","Semi-skilled labour","Hrs",1,{"v":71.0024,"d":"71.00"},{"$f":"$E833*F833","v":{"v":71.0024,"d":"71.00"}},null,{"$f":"$F833*H833","v":{"v":0,"d":"0.00"}}]
[{"$nulls":5},0]
["B10.36.","PC-ALT102","Unskilled labour","Hrs",1,{"v":33.27695,"d":"33.28"},{"$f":"$E835*F835","v":{"v":33.27695,"d":"33.28"}},null,{"$f":"$F835*H835","v":{"v":0,"d":"0.00"}}]
[]
[null,null,"Budgetary allowances"]
[]
["B10.37.","PC-ALT103","Allow for a budgetary amount of R100 000.00 (One Hundred Thousand Rands Only) for above building works ","Sum",1,{"v":100000,"d":"100,000.00"},{"$f":"$E839*F839","v":{"v":100000,"d":"100,000.00"}},null,{"$f":"H839","v":{"v":0,"d":"0.00"}}]
[]
["B10.38.","PC-ALT103","Allow for profit and overheads on the above","%",{"v":0,"d":"0%"},{"v":0.12,"d":"12%"},{"$f":"F841*G839","v":{"v":12000,"d":"12,000.00"}},null,{"$f":"$F841*H841","v":{"v":0,"d":"0.00"}}]
[]
[{"$nulls":8},{"$f":"F843*H843","v":{"v":0,"d":"0.00"}}]
[]
[]
[]
[null,null,"Add mark-up on the above",{"$nulls":5},{"v":0,"d":"0.00"}]
[]
[]
[]
[]
[]
[null,null,"TOTAL FOR TILING",{"$nulls":3},{"$f":"SUM(G732:G852)","v":{"v":145932.4202,"d":"145,932.42"}},null,{"$f":"SUM(I732:I852)","v":{"v":0,"d":"0.00"}}]
[]
[null,null,"BILL No. 11"]
[null,null,"PLUMBING AND DRAINAGE"]
[]
[null,null,"For Preambles, see \"Model Preambles for Trades (2008 Edition) and Supplementary Preambles as specified in the Trades."]
[]
[]
[null,null,"Before submitting his tender the bidder shall visit the site and satisfy himself as to the nature and extent of the work to be done and the value of the materials contained in the buildings or portions of the buildings to be demolished.  No claim for any variations of the contract sum in respect of the nature and extent of the work or of inferior or damaged materials will be entertained"]
[]
[null,null,"Payment Clause:"]
[]
[null,null,"PC-ALT101: Any work which exceeds R2000.00 when valued using the Bill of Quantity task rates shall be paid as per the Bill of Quantity task rates. "]
[]
[null,null,"PC-ALT102 :Any work that does not exceed R2000.00 when valued using Bill of Quantity task rates shall be valued and paid as per daywork rates for labour and material costs shall be withdrawn from the budgetary allowances plus contractor's mark-up."]
[]
[null,null,"PC-ALT103: Any work that is not specified in any section of this Bill of Quantities shall be paid on agreed rates of the work of similar nature to what exists in this Bill of Quantities. Where there is not work of similar nature, the Service Provider shall submit the invoice for material and time sheet for labour indicating the duration for which the task was executed. The Service Provider shall be entitled to mark-up as indicated in this Bill of Quantities."]
[]
[null,null,"Dayworks for work that is equal to or less than R2000.00"]
[]
["B11.1.","PC-ALT102","Skilled labour","Hrs",1,89.83,{"$f":"$E873*F873","v":89.83},null,{"$f":"$F873*H873","v":{"v":0,"d":"0.00"}}]
[]
["B11.2.","PC-ALT102","Semi-skilled labour","Hrs",1,65.44,{"$f":"$E875*F875","v":65.44},null,{"$f":"$F875*H875","v":{"v":0,"d":"0.00"}}]
[]
["B11.3.","PC-ALT102","Unskilled labour","Hrs",1,30.67,{"$f":"$E877*F877","v":30.67},null,{"$f":"$F877*H877","v":{"v":0,"d":"0.00"}}]
[]
[null,null,"Budgetary allowances"]
[]
["B11.4.","PC-ALT103","Allow for a budgetary amount of R200 000.00 (Two Hundred Thousand Rands Only) for above building works ","Sum",1,{"v":200000,"d":"200,000.00"},{"$f":"$E881*F881","v":{"v":200000,"d":"200,000.00"}},null,{"$f":"H881","v":{"v":0,"d":"0.00"}}]
[]
["B11.5.","PC-ALT103","Allow for profit and overheads on the above","%",{"v":0,"d":"0%"},{"v":0.12,"d":"12%"},{"$f":"F883*G881","v":{"v":24000,"d":"24,000.00"}},null,{"$f":"$F883*H883","v":{"v":0,"d":"0.00"}}]
[]
[]
[{"$nulls":8},{"$f":"F886*H886","v":{"v":0,"d":"0.00"}}]
[null,null,"Add mark-up on the above","%",{"v":0.12,"d":"12%"},{"$nulls":3},{"$f":"SUM(I885:I885)*E887","v":{"v":0,"d":"0.00"}}]
[null,null,"TOTAL FOR PLUMBING & DRAINAGE",{"$nulls":3},{"$f":"SUM(G855:G887)","v":{"v":224185.94,"d":"224,185.94"}},null,{"$f":"SUM(I855:I887)","v":{"v":0,"d":"0.00"}}]
[]
[null,null,"BILL No. 12"]
[null,null,"ELECTRICAL WORKS"]
[]
[null,null,"For Preambles, see \"Model Preambles for Trades (2008 Edition) and Supplementary Preambles as specified in the Trades."]
[]
[]
[null,null,"Before submitting his tender the bidder shall visit the site and satisfy himself as to the nature and extent of the work to be done and the value of the materials contained in the buildings or portions of the buildings to be demolished.  No claim for any variations of the contract sum in respect of the nature and extent of the work or of inferior or damaged materials will be entertained"]
[]
[null,null,"Payment Clause:"]
[]
[null,null,"PC-ALT101: Any work which exceeds R2000.00 when valued using the Bill of Quantity task rates shall be paid as per the Bill of Quantity task rates. "]
[]
[null,null,"PC-ALT102 :Any work that does not exceed R2000.00 when valued using Bill of Quantity task rates shall be valued and paid as per daywork rates for labour and material costs shall be withdrawn from the budgetary allowances plus contractor's mark-up."]
[]
[null,null,"PC-ALT103: Any work that is not specified in any section of this Bill of Quantities shall be paid on agreed rates of the work of similar nature to what exists in this Bill of Quantities. Where there is not work of similar nature, the Service Provider shall submit the invoice for material and time sheet for labour indicating the duration for which the task was executed. The Service Provider shall be entitled to mark-up as indicated in this Bill of Quantities."]
[]
[null,null,"Dayworks for work that is equal to or less than R2000.00"]
[]
["B12.1.","PC-ALT102","Skilled labour","Hrs",1,{"v":97.46555,"d":"97.47"},{"$f":"$E908*F908","v":{"v":97.46555,"d":"97.47"}},null,{"$f":"F908*H908","v":{"v":0,"d":"0.00"}}]
[]
["B12.2.","PC-ALT102","Semi-skilled labour","Hrs",1,{"v":71.0024,"d":"71.00"},{"$f":"$E910*F910","v":{"v":71.0024,"d":"71.00"}},null,{"$f":"$F910*H910","v":{"v":0,"d":"0.00"}}]
[]
[null,null,"Unskilled labour","Hrs",1,{"v":33.27695,"d":"33.28"},{"$f":"$E912*F912","v":{"v":33.27695,"d":"33.28"}},null,{"$f":"$F912*H912","v":{"v":0,"d":"0.00"}}]
[{"$nulls":8},{"$f":"$F913*H913","v":{"v":0,"d":"0.00"}}]
[null,null,"Budgetary allowances"]
[]
[null,null,"Allow for a budgetary amount of R500 000.00 (Five Hundred Thousand Rands Only) for above building works ","Sum",1,{"v":500000,"d":"500,000.00"},{"$f":"$E916*F916","v":{"v":500000,"d":"500,000.00"}},null,{"$f":"H916","v":{"v":0,"d":"0.00"}}]
[]
[null,null,"Allow for profit and overheads on the above","%",{"v":0,"d":"0%"},{"v":0.12,"d":"12%"},{"$f":"F918*G916","v":{"v":60000,"d":"60,000.00"}},null,{"$f":"$F918*H918","v":{"v":0,"d":"0.00"}}]
[]
[]
[null,"PC-ALT103","Add mark-up on the above",null,null,{"v":0.12,"d":"12%"},null,null,{"v":0,"d":"0.00"}]
[null,"PC-ALT103","TOTAL FOR ELECTRICAL WORKS",{"$nulls":3},{"$f":"SUM(G890:G919)","v":{"v":560201.7449,"d":"560,201.74"}},null,{"$f":"SUM(I920:I921)","v":{"v":0,"d":"0.00"}}]
[null,"PC-ALT103"]
[null,"PC-ALT103","BILL No. 13"]
[null,"PC-ALT103","GLAZING"]
[null,"PC-ALT103"]
[null,"PC-ALT103","For Preambles, see \"Model Preambles for Trades (2008 Edition) and Supplementary Preambles as specified in the Trades."]
[null,"PC-ALT103"]
[null,"PC-ALT103"]
[null,"PC-ALT103","Before submitting his tender the bidder shall visit the site and satisfy himself as to the nature and extent of the work to be done and the value of the materials contained in the buildings or portions of the buildings to be demolished.  No claim for any variations of the contract sum in respect of the nature and extent of the work or of inferior or damaged materials will be entertained"]
[null,"PC-ALT103"]
[null,"PC-ALT103","Payment Clause:"]
[null,"PC-ALT103"]
[null,"PC-ALT103","PC-ALT101: Any work which exceeds R2000.00 when valued using the Bill of Quantity task rates shall be paid as per the Bill of Quantity task rates. "]
[null,"PC-ALT103"]
[null,"PC-ALT103","PC-ALT102 :Any work that does not exceed R2000.00 when valued using Bill of Quantity task rates shall be valued and paid as per daywork rates for labour and material costs shall be withdrawn from the budgetary allowances plus contractor's mark-up."]
[null,"PC-ALT103"]
[null,"PC-ALT103","PC-ALT103: Any work that is not specified in any section of this Bill of Quantities shall be paid on agreed rates of the work of similar nature to what exists in this Bill of Quantities. Where there is not work of similar nature, the Service Provider shall submit the invoice for material and time sheet for labour indicating the duration for which the task was executed. The Service Provider shall be entitled to mark-up as indicated in this Bill of Quantities."]
[null,"PC-ALT103"]
[null,"PC-ALT103","Dayworks for work that is equal to or less than R2000.00"]
[null,"PC-ALT103"]
["B13.1.","PC-ALT103","Skilled labour","Hrs",1,{"v":97.46555,"d":"97.47"},{"$f":"$E942*F942","v":{"v":97.46555,"d":"97.47"}},null,{"$f":"$F942*H952","v":{"v":0,"d":"0.00"}}]
[null,"PC-ALT103"]
["B13.2","PC-ALT103","Semi-skilled labour","Hrs",1,{"v":71.0024,"d":"71.00"},{"$f":"$E944*F944","v":{"v":71.0024,"d":"71.00"}},null,{"$f":"$F944*H954","v":{"v":0,"d":"0.00"}}]
[null,"PC-ALT103"]
["B13.3.","PC-ALT103","Unskilled labour","Hrs",1,{"v":33.27695,"d":"33.28"},{"$f":"$E946*F946","v":{"v":33.27695,"d":"33.28"}},null,{"v":0,"d":"0.00"}]
[null,"PC-ALT103"]
[null,"PC-ALT103","Budgetary allowances"]
[null,"PC-ALT103"]
["B13.4.","PC-ALT103","Allow for a budgetary amount of R50 000.00 (Fifty Thousand Rands Only) for above building works ","Sum",1,{"v":50000,"d":"50,000.00"},{"$f":"$E950*F950","v":{"v":50000,"d":"50,000.00"}},null,{"v":0,"d":"0.00"}]
[null,"PC-ALT103"]
["B13.5.","PC-ALT103","Allow for profit and overheads on the above","%",{"v":0,"d":"0%"},{"v":0.12,"d":"12%"},{"$f":"F952*G950","v":{"v":6000,"d":"6,000.00"}},null,{"v":0,"d":"0.00"}]
[null,"PC-ALT103"]
[null,"PC-ALT103"]
[null,"PC-ALT103"]
[null,"PC-ALT103"]
[null,"PC-ALT103","Add 12% Mark-up on the Above",null,null,{"v":0.12,"d":"12%"},null,null,{"$f":"SUM(I956:I956)*F957","v":{"v":0,"d":"0.00"}}]
[null,"PC-ALT103"]
[null,"PC-ALT103"]
[null,"PC-ALT103","TOTAL FOR GLAZING",{"$nulls":3},{"$f":"SUM(G923:G959)","v":{"v":56201.7449,"d":"56,201.74"}},null,{"$f":"SUM(I924:I959)","v":{"v":0,"d":"0.00"}}]
[null,"PC-ALT103"]
[null,"PC-ALT103","BILL No. 12"]
[null,"PC-ALT103","Paint Work"]
[null,"PC-ALT103"]
[null,"PC-ALT103","For Preambles, see \"Model Preambles for Trades (2008 Edition) and Supplementary Preambles as specified in the Trades."]
[null,"PC-ALT103"]
[null,"PC-ALT103","Prepare, stop, seal cracks with Polyfilla, apply one coat plaster primer and one coat Dulux Rain Shield to "]
[null,"PC-ALT103"]
["B14.1.","PC-ALT103","Plastered walls","m²",1,{"v":97.94295,"d":"97.94"},{"$f":"$E969*F969","v":{"v":97.94295,"d":"97.94"}},null,{"$f":"$F969*H979","v":{"v":0,"d":"0.00"}}]
[null,"PC-ALT103",{"$nulls":3},0]
["B14.2.","PC-ALT103","In patches","m²",1,{"v":97.94295,"d":"97.94"},{"$f":"$E971*F971","v":{"v":97.94295,"d":"97.94"}},null,{"$f":"$F971*H981","v":{"v":0,"d":"0.00"}}]
[null,"PC-ALT103",{"$nulls":3},0]
[null,"PC-ALT103","Prepare and apply two finishing coats \"Dulux\" Weather Guard fine texture Colour code: 20YY68/102 to previously painted surfaces on",null,null,0]
[null,"PC-ALT103",{"$nulls":3},0]
["B14.3.","PC-ALT103","Plastered walls","m²",1,379.75,{"$f":"$E975*F975","v":379.75},null,{"$f":"$F975*H985","v":{"v":0,"d":"0.00"}}]
[null,"PC-ALT103",{"$nulls":3},0]
["B14.4.","PC-ALT103","In patches","m²",1,271.25,{"$f":"$E977*F977","v":271.25},null,{"$f":"$F977*H987","v":{"v":0,"d":"0.00"}}]
[null,"PC-ALT103",{"$nulls":3},0]
["B14.5.","PC-ALT103","Window sills, etc","m²",1,{"v":325.5,"d":"325.50"},{"$f":"$E979*F979","v":{"v":325.5,"d":"325.50"}},null,{"$f":"$F979*H989","v":{"v":0,"d":"0.00"}}]
[null,"PC-ALT103",{"$nulls":3},0]
[null,"PC-ALT103","Prepare, stop, seal and apply one coat \"Marmoran\" Permasuede to plastered walls in panels with 48mm high strips, colour: 20YY68/102, applied by specialist",null,null,0]
["B14.6.","PC-ALT103","Plastered walls","m²",1,{"v":347.2,"d":"347.20"},{"$f":"$E982*F982","v":{"v":347.2,"d":"347.20"}},null,{"$f":"$F982*H992","v":{"v":0,"d":"0.00"}}]
[null,"PC-ALT103",{"$nulls":3},0]
["B14.7.","PC-ALT103","In patches","m²",1,292.95,{"$f":"$E984*F984","v":292.95},null,{"$f":"$F984*H994","v":{"v":0,"d":"0.00"}}]
[null,"PC-ALT103",{"$nulls":3},0]
[null,"PC-ALT103","INTERNAL PAINTWORK ETC TO PREVIOUSLY PAINTED SURFACES",null,null,0]
[null,"PC-ALT103",{"$nulls":3},0]
[null,"PC-ALT103","Prepare and apply one coat primer, One coat undercoat and two coats Dulux Luxury Silk Colour \"Neutral 39YY 77/091\".",null,null,0]
[null,"PC-ALT103",{"$nulls":3},0]
["B14.8.","PC-ALT103","Plastered walls","m²",1,162.75,{"$f":"$E990*F990","v":162.75},null,{"v":0,"d":"0.00"}]
[null,"PC-ALT103",{"$nulls":3},0]
["B14.9.","PC-ALT103","In patches","m²",1,{"v":130.2,"d":"130.20"},{"$f":"$E992*F992","v":{"v":130.2,"d":"130.20"}},null,{"v":0,"d":"0.00"}]
[null,"PC-ALT103",{"$nulls":3},0]
["B14.10.","PC-ALT103","Window sills, etc","m²",1,{"v":108.5,"d":"108.50"},{"$f":"$E994*F994","v":{"v":108.5,"d":"108.50"}},null,{"v":0,"d":"0.00"}]
[null,"PC-ALT103",{"$nulls":3},0]
[null,"PC-ALT103","Prepare and apply one coat \"DULUX\" white \"Solution Acrylic\" plaster primer (Code: M386 - 0170) and two finishing coats \"Dulux\" super acrylic  emulsion paint (Code: Labrador sands 4)",null,null,0]
[null,"PC-ALT103",{"$nulls":3},0]
["B14.11.","PC-ALT103","Plastered walls","m²",1,{"v":434,"d":"434.00"},{"$f":"$E998*F998","v":{"v":434,"d":"434.00"}},null,{"$f":"$F998*H1008","v":{"v":0,"d":"0.00"}}]
[null,"PC-ALT103",{"$nulls":3},0]
["B14.12.","PC-ALT103","In patches","m²",1,{"v":341.775,"d":"341.78"},{"$f":"$E1000*F1000","v":{"v":341.775,"d":"341.78"}},null,{"$f":"$F1000*H1010","v":{"v":0,"d":"0.00"}}]
[null,"PC-ALT103",{"$nulls":3},0]
["B14.13.","PC-ALT103","Drywalls","m²",1,271.25,{"$f":"$E1002*F1002","v":271.25},null,{"$f":"$F1002*H1012","v":{"v":0,"d":"0.00"}}]
[null,"PC-ALT103",{"$nulls":3},0]
[null,"PC-ALT103","Prepare and apply one coat \"DULUX\" white \"Solution Acrylic\" plaster primer (Code: M386 - 0170) and two finishing coats \"Dulux\" super acrylic  emulsion paint (Code: white)",null,null,0]
[null,"PC-ALT103",{"$nulls":3},0]
["B14.14.","PC-ALT103","Ceilings soffits","m²",1,54.25,{"$f":"$E1006*F1006","v":54.25},null,{"$f":"$F1006*H1016","v":{"v":0,"d":"0.00"}}]
[null,"PC-ALT103",{"$nulls":3},0]
["B14.15.","PC-ALT103","Off-shutter concrete soffits","m²",1,75.95,{"$f":"$E1008*F1008","v":75.95},null,{"$f":"$F1008*H1018","v":{"v":0,"d":"0.00"}}]
[null,"PC-ALT103",{"$nulls":3},0]
["B14.16.","PC-ALT103","Bulkheads","m²",1,{"v":130.2,"d":"130.20"},{"$f":"$E1010*F1010","v":{"v":130.2,"d":"130.20"}},null,{"$f":"$F1010*H1020","v":{"v":0,"d":"0.00"}}]
[null,"PC-ALT103",{"$nulls":3},0]
[null,"PC-ALT103","Dayworks for work that is equal to or less than R2000.00",null,null,0]
[null,"PC-ALT103",{"$nulls":3},0]
["B14.17.","PC-ALT103","Skilled labour","Hrs",1,{"v":97.46555,"d":"97.47"},{"$f":"$E1014*F1014","v":{"v":97.46555,"d":"97.47"}},null,{"$f":"$F1014*H1024","v":{"v":0,"d":"0.00"}}]
[null,"PC-ALT103",{"$nulls":3},0]
["B14.18.","PC-ALT103","Semi-skilled labour","Hrs",1,{"v":71.0024,"d":"71.00"},{"$f":"$E1016*F1016","v":{"v":71.0024,"d":"71.00"}},null,{"v":0,"d":"0.00"}]
[null,"PC-ALT103",{"$nulls":3},0]
["B14.19.","PC-ALT103","Unskilled labour","Hrs",1,{"v":33.27695,"d":"33.28"},{"$f":"$E1018*F1018","v":{"v":33.27695,"d":"33.28"}},null,{"v":0,"d":"0.00"}]
[null,"PC-ALT103"]
[null,"PC-ALT103","Budgetary allowances"]
[null,"PC-ALT103"]
["B14.20.","PC-ALT103","Allow for a budgetary amount of R200 000.00 (Two Hundred Thousand Rands Only) for above building works ","Sum",1,{"v":200000,"d":"200,000.00"},{"$f":"$E1022*F1022","v":{"v":200000,"d":"200,000.00"}},null,{"v":0,"d":"0.00"}]
[null,"PC-ALT103"]
["B14.21.","PC-ALT103","Allow for profit and overheads on the above","%",{"v":0,"d":"0%"},{"v":0.12,"d":"12%"},{"$f":"F1024*G1022","v":{"v":24000,"d":"24,000.00"}},null,{"v":0,"d":"0.00"}]
[null,"PC-ALT103"]
[null,"PC-ALT103"]
["                        TOTAL FOR PAINTWORK","PC-ALT103","TOTAL FOR PAINT WORK",{"$nulls":3},{"$f":"SUM(G961:G1026)","v":{"v":227723.1558,"d":"227,723.16"}},null,{"$f":"SUM(I967:I1026)","v":{"v":0,"d":"0.00"}}]
[null,"PC-ALT103",{"$nulls":5},{"v":10,"d":"10.00"}]
[null,"PC-ALT103",{"$nulls":5},{"v":18,"d":"18.00"}]
[null,"PC-ALT103",{"$nulls":5},{"v":1,"d":"1.00"}]
[null,"PC-ALT103"]
[null,"PC-ALT103"]
[null,"PC-ALT103"]
[null,"PC-ALT103"]
[null,"PC-ALT103"]
[null,"PC-ALT103"]
[null,"PC-ALT103"]
[null,"PC-ALT103"]
[null,"PC-ALT103"]
[null,"PC-ALT103"]
[null,"PC-ALT103"]
[null,"PC-ALT103"]
[null,"PC-ALT103"]
[null,"PC-ALT103"]
[null,"PC-ALT103"]
[null,"PC-ALT103"]
[null,"PC-ALT103"]
[null,"PC-ALT103"]
[null,"PC-ALT103"]
[null,"PC-ALT103"]
[null,"PC-ALT103"]
[null,"PC-ALT103"]
[null,"PC-ALT103"]
[null,"PC-ALT103"]
[null,"PC-ALT103"]
[null,"PC-ALT103"]
[null,"PC-ALT103"]
[null,"PC-ALT103"]
[null,"PC-ALT103"]
[null,"PC-ALT103"]
[null,"PC-ALT103"]
[null,"PC-ALT103"]
[null,"PC-ALT103"]
[null,"PC-ALT103"]
[null,"PC-ALT103"]
[null,"PC-ALT103"]
[null,"PC-ALT103"]
[null,"PC-ALT103"]
[null,"PC-ALT103"]
[null,"PC-ALT103"]
[null,"PC-ALT103"]
[null,"PC-ALT103"]
[null,"PC-ALT103"]
[null,"PC-ALT103"]
[null,"PC-ALT103"]
[null,"PC-ALT103"]
[null,"PC-ALT103"]
[null,"PC-ALT103"]
[null,"PC-ALT103"]
[null,"PC-ALT103"]
[null,"PC-ALT103"]
[null,"PC-ALT103"]
[null,"PC-ALT103"]
[null,"PC-ALT103"]
[null,"PC-ALT103"]
[null,"PC-ALT103"]
[null,"PC-ALT103"]
[null,"PC-ALT103"]
[null,"PC-ALT103"]
[null,"PC-ALT103"]
[null,"PC-ALT103"]
[null,"PC-ALT103"]
[null,"PC-ALT103"]
[null,"PC-ALT103"]
[null,"PC-ALT103"]
[null,"PC-ALT103"]
[null,"PC-ALT103"]
[null,"PC-ALT103"]
[null,"PC-ALT103"]
[null,"PC-ALT103"]
[null,"PC-ALT103"]
[null,"PC-ALT103"]
[null,"PC-ALT103"]
[null,"PC-ALT103"]
[null,"PC-ALT103"]
[null,"PC-ALT103"]
[null,"PC-ALT103"]
[null,"PC-ALT103"]
[null,"PC-ALT103"]
[null,"PC-ALT103"]
[null,"PC-ALT103"]
[null,"PC-ALT103"]
[null,"PC-ALT103"]
[null,"PC-ALT103"]
[null,"PC-ALT103"]
[null,"PC-ALT103"]
[null,"PC-ALT103"]
[null,"PC-ALT103"]
[null,"PC-ALT103"]
[null,"PC-ALT103"]
[null,"PC-ALT103"]
[null,"PC-ALT103"]
[null,"PC-ALT103"]
[null,"PC-ALT103"]
[null,"PC-ALT103"]
[null,"PC-ALT103"]
[null,"PC-ALT103"]
[null,"PC-ALT103"]
[null,"PC-ALT103"]
[null,"PC-ALT103"]
[null,"PC-ALT103"]
[null,"PC-ALT103"]
[null,"PC-ALT103"]
[null,"PC-ALT103"]
[null,"PC-ALT103"]
[null,"PC-ALT103"]
[null,"PC-ALT103"]
[null,"PC-ALT103"]
[null,"PC-ALT103"]
[null,"PC-ALT103"]
[null,"PC-ALT103"]
[null,"PC-ALT103"]
[null,"PC-ALT103"]
[null,"PC-ALT103"]
[null,"PC-ALT103"]
[null,"PC-ALT103"]
[null,"PC-ALT103"]
[null,"PC-ALT103"]
[null,"PC-ALT103"]
[null,"PC-ALT103"]
[null,"PC-ALT103"]
[null,"PC-ALT103"]
[null,"PC-ALT103"]
[null,"PC-ALT103"]
[null,"PC-ALT103"]
[null,"PC-ALT103"]
[null,"PC-ALT103"]
[null,"PC-ALT103"]
[null,"PC-ALT103"]
[null,"PC-ALT103"]
[null,"PC-ALT103"]
[null,"PC-ALT103"]
[null,"PC-ALT103"]
[null,"PC-ALT103"]
[null,"PC-ALT103"]
[null,"PC-ALT103"]
[null,"PC-ALT103"]
[null,"PC-ALT103"]
[null,"PC-ALT103"]
[null,"PC-ALT103"]
[null,"PC-ALT103"]
[null,"PC-ALT103"]
[null,"PC-ALT103"]
[null,"PC-ALT103"]
[null,"PC-ALT103"]
[null,"PC-ALT103"]
[null,"PC-ALT103"]
[null,"PC-ALT103"]
[null,"PC-ALT103"]
[null,"PC-ALT103"]
[null,"PC-ALT103"]
[null,"PC-ALT103"]
[null,"PC-ALT103"]
[null,"PC-ALT103"]
[null,"PC-ALT103"]
[null,"PC-ALT103"]
[]
[]
[]
[null,null,"    "]